<?xml version="1.0" encoding="UTF-8"?>
<record
    xmlns:xsi="http://www.w3.org/2001/XMLSchema-instance"
    xsi:schemaLocation="http://www.loc.gov/MARC21/slim http://www.loc.gov/standards/marcxml/schema/MARC21slim.xsd"
    xmlns="http://www.loc.gov/MARC21/slim">

  <leader>01558nas a2200277 i 4500</leader>
  <controlfield tag="005">20260506103948.0</controlfield>
  <controlfield tag="007">ta</controlfield>
  <controlfield tag="008">250122e2016    dr bn|p|r||||||0| ||spa d</controlfield>
  <datafield tag="022" ind1=" " ind2=" ">
    <subfield code="a">2520-0100</subfield>
  </datafield>
  <datafield tag="022" ind1=" " ind2=" ">
    <subfield code="a">2520-0585, registro electr&#xF3;nico. </subfield>
  </datafield>
  <datafield tag="040" ind1=" " ind2=" ">
    <subfield code="a">DO-SdBNP</subfield>
    <subfield code="c">BNPHU</subfield>
    <subfield code="e">rda</subfield>
  </datafield>
  <datafield tag="041" ind1=" " ind2=" ">
    <subfield code="h">spa</subfield>
  </datafield>
  <datafield tag="110" ind1=" " ind2=" ">
    <subfield code="a">Rolga Group SRL</subfield>
    <subfield code="9">86909</subfield>
  </datafield>
  <datafield tag="245" ind1=" " ind2=" ">
    <subfield code="a">Revista factor de &#xE9;xito : </subfield>
    <subfield code="b">&#xA1;la clave est&#xE1; en la diferenciaci&#xF3;n! /</subfield>
    <subfield code="c">Rolga Group SRL.</subfield>
  </datafield>
  <datafield tag="260" ind1=" " ind2=" ">
    <subfield code="a">Santo Domingo, Rep&#xFA;blica Dominicana : </subfield>
    <subfield code="b">Rolga Group SRL, </subfield>
    <subfield code="c">2016.</subfield>
  </datafield>
  <datafield tag="300" ind1=" " ind2=" ">
    <subfield code="a">volumen : </subfield>
    <subfield code="b">ilustraciones, fotograf&#xED;as ;  </subfield>
    <subfield code="c">29 cm.</subfield>
  </datafield>
  <datafield tag="310" ind1=" " ind2=" ">
    <subfield code="a">Bimestral.</subfield>
  </datafield>
  <datafield tag="336" ind1=" " ind2=" ">
    <subfield code="a">texto</subfield>
    <subfield code="b">txt</subfield>
    <subfield code="2">rdacontent</subfield>
  </datafield>
  <datafield tag="337" ind1=" " ind2=" ">
    <subfield code="a">sin mediaci&#xF3;n</subfield>
    <subfield code="b">n</subfield>
    <subfield code="2">rdamedia</subfield>
  </datafield>
  <datafield tag="338" ind1=" " ind2=" ">
    <subfield code="a">volumen</subfield>
    <subfield code="b">nc</subfield>
    <subfield code="2">rdacarrier</subfield>
  </datafield>
  <datafield tag="362" ind1=" " ind2=" ">
    <subfield code="a">N&#xFA;mero 1, A&#xF1;o 1, Marzo 2016.</subfield>
  </datafield>
  <datafield tag="520" ind1=" " ind2=" ">
    <subfield code="a">Despu&#xE9;s de una exitosa trayectoria en tierras venezolanas, la empresa Factor de &#xC9;xito decidi&#xF3; expandirse a Rep&#xFA;blica Dominicana, isla con un excelente atractivo para seguir ofreciendo sus servicios de artes gr&#xE1;ficas, publicidad y mercadeo, y adem&#xE1;s, el espacio indicado para el nacimiento de la Revista Factor de &#xC9;xito Rep&#xFA;blica Dominicana, producci&#xF3;n que tiene la firme intenci&#xF3;n de informar e inspirar actitudes hacia el &#xE9;xito, contando con un selecto grupo de articulistas y colaboradores dominicanos, que comparten la excelencia como estilo de vida...</subfield>
  </datafield>
  <datafield tag="650" ind1=" " ind2="0">
    <subfield code="a">Negocios</subfield>
    <subfield code="v">Publicaciones peri&#xF3;dicas </subfield>
    <subfield code="z">Rep&#xFA;blica Dominicana</subfield>
    <subfield code="9">74679</subfield>
  </datafield>
  <datafield tag="650" ind1=" " ind2="0">
    <subfield code="a">Capital humano</subfield>
    <subfield code="v">Publicaciones peri&#xF3;dicas</subfield>
    <subfield code="z">Rep&#xFA;blica Dominicana</subfield>
    <subfield code="9">50829</subfield>
  </datafield>
  <datafield tag="942" ind1=" " ind2=" ">
    <subfield code="2">ddc</subfield>
    <subfield code="c">ISSUE</subfield>
  </datafield>
  <datafield tag="952" ind1=" " ind2=" ">
    <subfield code="0">0</subfield>
    <subfield code="1">0</subfield>
    <subfield code="2">ddc</subfield>
    <subfield code="4">0</subfield>
    <subfield code="5">6</subfield>
    <subfield code="7">0</subfield>
    <subfield code="8">SE</subfield>
    <subfield code="a">BNPHU</subfield>
    <subfield code="b">BNPHU</subfield>
    <subfield code="d">2025-01-22</subfield>
    <subfield code="h">N&#xFA;mero 1, A&#xF1;o 1, Marzo 2016</subfield>
    <subfield code="l">0</subfield>
    <subfield code="p">2025-0234</subfield>
    <subfield code="r">2025-01-22</subfield>
    <subfield code="t">e.1</subfield>
    <subfield code="w">2025-01-22</subfield>
    <subfield code="y">ISSUE</subfield>
  </datafield>
  <datafield tag="952" ind1=" " ind2=" ">
    <subfield code="0">0</subfield>
    <subfield code="1">0</subfield>
    <subfield code="2">ddc</subfield>
    <subfield code="4">0</subfield>
    <subfield code="5">6</subfield>
    <subfield code="7">0</subfield>
    <subfield code="8">SE</subfield>
    <subfield code="a">BNPHU</subfield>
    <subfield code="b">BNPHU</subfield>
    <subfield code="d">2025-01-22</subfield>
    <subfield code="h">N&#xFA;mero 1, A&#xF1;o 1, Marzo 2016</subfield>
    <subfield code="l">0</subfield>
    <subfield code="p">2025-0235</subfield>
    <subfield code="r">2025-01-22</subfield>
    <subfield code="t">e.2</subfield>
    <subfield code="w">2025-01-22</subfield>
    <subfield code="y">ISSUE</subfield>
  </datafield>
  <datafield tag="952" ind1=" " ind2=" ">
    <subfield code="0">0</subfield>
    <subfield code="1">0</subfield>
    <subfield code="2">ddc</subfield>
    <subfield code="4">0</subfield>
    <subfield code="5">6</subfield>
    <subfield code="7">0</subfield>
    <subfield code="8">SE</subfield>
    <subfield code="a">BNPHU</subfield>
    <subfield code="b">BNPHU</subfield>
    <subfield code="d">2025-01-22</subfield>
    <subfield code="h">N&#xFA;mero 1, A&#xF1;o 1, Marzo 2016</subfield>
    <subfield code="l">0</subfield>
    <subfield code="p">2025-0236</subfield>
    <subfield code="r">2025-01-22</subfield>
    <subfield code="t">e.3</subfield>
    <subfield code="w">2025-01-22</subfield>
    <subfield code="y">ISSUE</subfield>
  </datafield>
  <datafield tag="952" ind1=" " ind2=" ">
    <subfield code="0">0</subfield>
    <subfield code="1">0</subfield>
    <subfield code="2">ddc</subfield>
    <subfield code="4">0</subfield>
    <subfield code="5">6</subfield>
    <subfield code="7">0</subfield>
    <subfield code="8">SE</subfield>
    <subfield code="a">BNPHU</subfield>
    <subfield code="b">BNPHU</subfield>
    <subfield code="d">2025-01-23</subfield>
    <subfield code="h">N&#xFA;mero 2, A&#xF1;o 1, Mayo 2016</subfield>
    <subfield code="l">0</subfield>
    <subfield code="p">2025-0239</subfield>
    <subfield code="r">2025-01-23</subfield>
    <subfield code="t">e.1</subfield>
    <subfield code="w">2025-01-23</subfield>
    <subfield code="y">ISSUE</subfield>
  </datafield>
  <datafield tag="952" ind1=" " ind2=" ">
    <subfield code="0">0</subfield>
    <subfield code="1">0</subfield>
    <subfield code="2">ddc</subfield>
    <subfield code="4">0</subfield>
    <subfield code="5">6</subfield>
    <subfield code="7">0</subfield>
    <subfield code="8">SE</subfield>
    <subfield code="a">BNPHU</subfield>
    <subfield code="b">BNPHU</subfield>
    <subfield code="d">2025-01-23</subfield>
    <subfield code="h">N&#xFA;mero 2, A&#xF1;o 1, Mayo 2016</subfield>
    <subfield code="l">0</subfield>
    <subfield code="p">2025-0240</subfield>
    <subfield code="r">2025-01-23</subfield>
    <subfield code="t">e.2</subfield>
    <subfield code="w">2025-01-23</subfield>
    <subfield code="y">ISSUE</subfield>
  </datafield>
  <datafield tag="952" ind1=" " ind2=" ">
    <subfield code="0">0</subfield>
    <subfield code="1">0</subfield>
    <subfield code="2">ddc</subfield>
    <subfield code="4">0</subfield>
    <subfield code="5">6</subfield>
    <subfield code="7">0</subfield>
    <subfield code="8">SE</subfield>
    <subfield code="a">BNPHU</subfield>
    <subfield code="b">BNPHU</subfield>
    <subfield code="d">2025-01-23</subfield>
    <subfield code="h">N&#xFA;mero 2, A&#xF1;o 1, Mayo 2016</subfield>
    <subfield code="l">0</subfield>
    <subfield code="p">2025-0241</subfield>
    <subfield code="r">2025-01-23</subfield>
    <subfield code="t">e.3</subfield>
    <subfield code="w">2025-01-23</subfield>
    <subfield code="y">ISSUE</subfield>
  </datafield>
  <datafield tag="952" ind1=" " ind2=" ">
    <subfield code="0">0</subfield>
    <subfield code="1">0</subfield>
    <subfield code="2">ddc</subfield>
    <subfield code="4">0</subfield>
    <subfield code="5">6</subfield>
    <subfield code="7">0</subfield>
    <subfield code="8">SE</subfield>
    <subfield code="a">BNPHU</subfield>
    <subfield code="b">BNPHU</subfield>
    <subfield code="d">2025-01-23</subfield>
    <subfield code="h">N&#xFA;mero 3, A&#xF1;o 1, Julio 2016</subfield>
    <subfield code="l">0</subfield>
    <subfield code="p">2025-0242</subfield>
    <subfield code="r">2025-01-23</subfield>
    <subfield code="t">e.1</subfield>
    <subfield code="w">2025-01-23</subfield>
    <subfield code="y">ISSUE</subfield>
  </datafield>
  <datafield tag="952" ind1=" " ind2=" ">
    <subfield code="0">0</subfield>
    <subfield code="1">0</subfield>
    <subfield code="2">ddc</subfield>
    <subfield code="4">0</subfield>
    <subfield code="5">6</subfield>
    <subfield code="7">0</subfield>
    <subfield code="8">SE</subfield>
    <subfield code="a">BNPHU</subfield>
    <subfield code="b">BNPHU</subfield>
    <subfield code="d">2025-01-23</subfield>
    <subfield code="h">N&#xFA;mero 3, A&#xF1;o 1, Julio 2016</subfield>
    <subfield code="l">0</subfield>
    <subfield code="p">2025-0243</subfield>
    <subfield code="r">2025-01-23</subfield>
    <subfield code="t">e.2</subfield>
    <subfield code="w">2025-01-23</subfield>
    <subfield code="y">ISSUE</subfield>
  </datafield>
  <datafield tag="952" ind1=" " ind2=" ">
    <subfield code="0">0</subfield>
    <subfield code="1">0</subfield>
    <subfield code="2">ddc</subfield>
    <subfield code="4">0</subfield>
    <subfield code="5">6</subfield>
    <subfield code="7">0</subfield>
    <subfield code="8">SE</subfield>
    <subfield code="a">BNPHU</subfield>
    <subfield code="b">BNPHU</subfield>
    <subfield code="d">2025-01-23</subfield>
    <subfield code="h">N&#xFA;mero 3, A&#xF1;o 1, Julio 2016</subfield>
    <subfield code="l">0</subfield>
    <subfield code="p">2025-0244</subfield>
    <subfield code="r">2025-01-23</subfield>
    <subfield code="t">e.3</subfield>
    <subfield code="w">2025-01-23</subfield>
    <subfield code="y">ISSUE</subfield>
  </datafield>
  <datafield tag="952" ind1=" " ind2=" ">
    <subfield code="0">0</subfield>
    <subfield code="1">0</subfield>
    <subfield code="2">ddc</subfield>
    <subfield code="4">0</subfield>
    <subfield code="5">6</subfield>
    <subfield code="7">0</subfield>
    <subfield code="8">SE</subfield>
    <subfield code="a">BNPHU</subfield>
    <subfield code="b">BNPHU</subfield>
    <subfield code="d">2025-01-23</subfield>
    <subfield code="h">N&#xFA;mero 4, A&#xF1;o 1, Septiembre 2016</subfield>
    <subfield code="l">0</subfield>
    <subfield code="p">2025-0245</subfield>
    <subfield code="r">2025-01-23</subfield>
    <subfield code="t">e.1</subfield>
    <subfield code="w">2025-01-23</subfield>
    <subfield code="y">ISSUE</subfield>
  </datafield>
  <datafield tag="952" ind1=" " ind2=" ">
    <subfield code="0">0</subfield>
    <subfield code="1">0</subfield>
    <subfield code="2">ddc</subfield>
    <subfield code="4">0</subfield>
    <subfield code="5">6</subfield>
    <subfield code="7">0</subfield>
    <subfield code="8">SE</subfield>
    <subfield code="a">BNPHU</subfield>
    <subfield code="b">BNPHU</subfield>
    <subfield code="d">2025-01-23</subfield>
    <subfield code="h">N&#xFA;mero 4, A&#xF1;o 1, Septiembre 2016</subfield>
    <subfield code="l">0</subfield>
    <subfield code="p">2025-0246</subfield>
    <subfield code="r">2025-01-23</subfield>
    <subfield code="t">e.2</subfield>
    <subfield code="w">2025-01-23</subfield>
    <subfield code="y">ISSUE</subfield>
  </datafield>
  <datafield tag="952" ind1=" " ind2=" ">
    <subfield code="0">0</subfield>
    <subfield code="1">0</subfield>
    <subfield code="2">ddc</subfield>
    <subfield code="4">0</subfield>
    <subfield code="5">6</subfield>
    <subfield code="7">0</subfield>
    <subfield code="8">SE</subfield>
    <subfield code="a">BNPHU</subfield>
    <subfield code="b">BNPHU</subfield>
    <subfield code="d">2025-01-23</subfield>
    <subfield code="h">N&#xFA;mero 4, A&#xF1;o 1, Septiembre 2016</subfield>
    <subfield code="l">0</subfield>
    <subfield code="p">2025-0247</subfield>
    <subfield code="r">2025-01-23</subfield>
    <subfield code="t">e.3</subfield>
    <subfield code="w">2025-01-23</subfield>
    <subfield code="y">ISSUE</subfield>
  </datafield>
  <datafield tag="952" ind1=" " ind2=" ">
    <subfield code="0">0</subfield>
    <subfield code="1">0</subfield>
    <subfield code="2">ddc</subfield>
    <subfield code="4">0</subfield>
    <subfield code="5">6</subfield>
    <subfield code="7">0</subfield>
    <subfield code="8">SE</subfield>
    <subfield code="a">BNPHU</subfield>
    <subfield code="b">BNPHU</subfield>
    <subfield code="d">2025-01-23</subfield>
    <subfield code="h">N&#xFA;mero 5, A&#xF1;o 1, Noviembre 2016</subfield>
    <subfield code="l">0</subfield>
    <subfield code="p">2025-0248</subfield>
    <subfield code="r">2025-01-23</subfield>
    <subfield code="t">e.1</subfield>
    <subfield code="w">2025-01-23</subfield>
    <subfield code="y">ISSUE</subfield>
  </datafield>
  <datafield tag="952" ind1=" " ind2=" ">
    <subfield code="0">0</subfield>
    <subfield code="1">0</subfield>
    <subfield code="2">ddc</subfield>
    <subfield code="4">0</subfield>
    <subfield code="5">6</subfield>
    <subfield code="7">0</subfield>
    <subfield code="8">SE</subfield>
    <subfield code="a">BNPHU</subfield>
    <subfield code="b">BNPHU</subfield>
    <subfield code="d">2025-01-23</subfield>
    <subfield code="h">N&#xFA;mero 5, A&#xF1;o 1, Noviembre 2016</subfield>
    <subfield code="l">0</subfield>
    <subfield code="p">2025-0249</subfield>
    <subfield code="r">2025-01-23</subfield>
    <subfield code="t">e.2</subfield>
    <subfield code="w">2025-01-23</subfield>
    <subfield code="y">ISSUE</subfield>
  </datafield>
  <datafield tag="952" ind1=" " ind2=" ">
    <subfield code="0">0</subfield>
    <subfield code="1">0</subfield>
    <subfield code="2">ddc</subfield>
    <subfield code="4">0</subfield>
    <subfield code="5">6</subfield>
    <subfield code="7">0</subfield>
    <subfield code="8">SE</subfield>
    <subfield code="a">BNPHU</subfield>
    <subfield code="b">BNPHU</subfield>
    <subfield code="d">2025-01-23</subfield>
    <subfield code="h">N&#xFA;mero 5, A&#xF1;o 1, Noviembre 2016</subfield>
    <subfield code="l">0</subfield>
    <subfield code="p">2025-0250</subfield>
    <subfield code="r">2025-01-23</subfield>
    <subfield code="t">e.3</subfield>
    <subfield code="w">2025-01-23</subfield>
    <subfield code="y">ISSUE</subfield>
  </datafield>
  <datafield tag="952" ind1=" " ind2=" ">
    <subfield code="0">0</subfield>
    <subfield code="1">0</subfield>
    <subfield code="2">ddc</subfield>
    <subfield code="4">0</subfield>
    <subfield code="5">6</subfield>
    <subfield code="7">0</subfield>
    <subfield code="8">SE</subfield>
    <subfield code="a">BNPHU</subfield>
    <subfield code="b">BNPHU</subfield>
    <subfield code="d">2025-01-23</subfield>
    <subfield code="h">N&#xFA;mero 6, A&#xF1;o 1, Enero/Febrero 2017</subfield>
    <subfield code="l">0</subfield>
    <subfield code="p">2025-0252</subfield>
    <subfield code="r">2025-01-23</subfield>
    <subfield code="t">e.1</subfield>
    <subfield code="w">2025-01-23</subfield>
    <subfield code="y">ISSUE</subfield>
  </datafield>
  <datafield tag="952" ind1=" " ind2=" ">
    <subfield code="0">0</subfield>
    <subfield code="1">0</subfield>
    <subfield code="2">ddc</subfield>
    <subfield code="4">0</subfield>
    <subfield code="5">6</subfield>
    <subfield code="7">0</subfield>
    <subfield code="8">SE</subfield>
    <subfield code="a">BNPHU</subfield>
    <subfield code="b">BNPHU</subfield>
    <subfield code="d">2025-01-23</subfield>
    <subfield code="h">N&#xFA;mero 6, A&#xF1;o 1, Enero/Febrero 2017</subfield>
    <subfield code="l">0</subfield>
    <subfield code="p">2025-0253</subfield>
    <subfield code="r">2025-01-23</subfield>
    <subfield code="t">e.2</subfield>
    <subfield code="w">2025-01-23</subfield>
    <subfield code="y">ISSUE</subfield>
  </datafield>
  <datafield tag="952" ind1=" " ind2=" ">
    <subfield code="0">0</subfield>
    <subfield code="1">0</subfield>
    <subfield code="2">ddc</subfield>
    <subfield code="4">0</subfield>
    <subfield code="5">6</subfield>
    <subfield code="7">0</subfield>
    <subfield code="8">SE</subfield>
    <subfield code="a">BNPHU</subfield>
    <subfield code="b">BNPHU</subfield>
    <subfield code="d">2025-01-23</subfield>
    <subfield code="h">N&#xFA;mero 6, A&#xF1;o 1, Enero/Febrero 2017</subfield>
    <subfield code="l">0</subfield>
    <subfield code="p">2025-0254</subfield>
    <subfield code="r">2025-01-23</subfield>
    <subfield code="t">e.3</subfield>
    <subfield code="w">2025-01-23</subfield>
    <subfield code="y">ISSUE</subfield>
  </datafield>
  <datafield tag="952" ind1=" " ind2=" ">
    <subfield code="0">0</subfield>
    <subfield code="1">0</subfield>
    <subfield code="2">ddc</subfield>
    <subfield code="4">0</subfield>
    <subfield code="5">6</subfield>
    <subfield code="7">0</subfield>
    <subfield code="8">SE</subfield>
    <subfield code="a">BNPHU</subfield>
    <subfield code="b">BNPHU</subfield>
    <subfield code="d">2025-01-23</subfield>
    <subfield code="h">N&#xFA;mero 7, A&#xF1;o 2, Marzo/Abril 2017</subfield>
    <subfield code="l">0</subfield>
    <subfield code="p">2025-0255</subfield>
    <subfield code="r">2025-01-23</subfield>
    <subfield code="t">e.1</subfield>
    <subfield code="w">2025-01-23</subfield>
    <subfield code="y">ISSUE</subfield>
  </datafield>
  <datafield tag="952" ind1=" " ind2=" ">
    <subfield code="0">0</subfield>
    <subfield code="1">0</subfield>
    <subfield code="2">ddc</subfield>
    <subfield code="4">0</subfield>
    <subfield code="5">6</subfield>
    <subfield code="7">0</subfield>
    <subfield code="8">SE</subfield>
    <subfield code="a">BNPHU</subfield>
    <subfield code="b">BNPHU</subfield>
    <subfield code="d">2025-01-23</subfield>
    <subfield code="h">N&#xFA;mero 7, A&#xF1;o 2, Marzo/Abril 2017</subfield>
    <subfield code="l">0</subfield>
    <subfield code="p">2025-0256</subfield>
    <subfield code="r">2025-01-23</subfield>
    <subfield code="t">e.2</subfield>
    <subfield code="w">2025-01-23</subfield>
    <subfield code="y">ISSUE</subfield>
  </datafield>
  <datafield tag="952" ind1=" " ind2=" ">
    <subfield code="0">0</subfield>
    <subfield code="1">0</subfield>
    <subfield code="2">ddc</subfield>
    <subfield code="4">0</subfield>
    <subfield code="5">6</subfield>
    <subfield code="7">0</subfield>
    <subfield code="8">SE</subfield>
    <subfield code="a">BNPHU</subfield>
    <subfield code="b">BNPHU</subfield>
    <subfield code="d">2025-01-23</subfield>
    <subfield code="h">N&#xFA;mero 7, A&#xF1;o 2, Marzo/Abril 2017</subfield>
    <subfield code="l">0</subfield>
    <subfield code="p">2025-0257</subfield>
    <subfield code="r">2025-01-23</subfield>
    <subfield code="t">e.3</subfield>
    <subfield code="w">2025-01-23</subfield>
    <subfield code="y">ISSUE</subfield>
  </datafield>
  <datafield tag="952" ind1=" " ind2=" ">
    <subfield code="0">0</subfield>
    <subfield code="1">0</subfield>
    <subfield code="2">ddc</subfield>
    <subfield code="4">0</subfield>
    <subfield code="5">6</subfield>
    <subfield code="7">0</subfield>
    <subfield code="8">SE</subfield>
    <subfield code="a">BNPHU</subfield>
    <subfield code="b">BNPHU</subfield>
    <subfield code="d">2025-01-23</subfield>
    <subfield code="h">N&#xFA;mero 8, A&#xF1;o 2, Mayo/Junio 2017</subfield>
    <subfield code="l">0</subfield>
    <subfield code="p">2025-0258</subfield>
    <subfield code="r">2025-01-23</subfield>
    <subfield code="t">e.1</subfield>
    <subfield code="w">2025-01-23</subfield>
    <subfield code="y">ISSUE</subfield>
  </datafield>
  <datafield tag="952" ind1=" " ind2=" ">
    <subfield code="0">0</subfield>
    <subfield code="1">0</subfield>
    <subfield code="2">ddc</subfield>
    <subfield code="4">0</subfield>
    <subfield code="5">6</subfield>
    <subfield code="7">0</subfield>
    <subfield code="8">SE</subfield>
    <subfield code="a">BNPHU</subfield>
    <subfield code="b">BNPHU</subfield>
    <subfield code="d">2025-01-23</subfield>
    <subfield code="h">N&#xFA;mero 8, A&#xF1;o 2, Mayo/Junio 2017</subfield>
    <subfield code="l">0</subfield>
    <subfield code="p">2025-0259</subfield>
    <subfield code="r">2025-01-23</subfield>
    <subfield code="t">e.2</subfield>
    <subfield code="w">2025-01-23</subfield>
    <subfield code="y">ISSUE</subfield>
  </datafield>
  <datafield tag="952" ind1=" " ind2=" ">
    <subfield code="0">0</subfield>
    <subfield code="1">0</subfield>
    <subfield code="2">ddc</subfield>
    <subfield code="4">0</subfield>
    <subfield code="5">6</subfield>
    <subfield code="7">0</subfield>
    <subfield code="8">SE</subfield>
    <subfield code="a">BNPHU</subfield>
    <subfield code="b">BNPHU</subfield>
    <subfield code="d">2025-01-23</subfield>
    <subfield code="h">N&#xFA;mero 8, A&#xF1;o 2, Mayo/Junio 2017</subfield>
    <subfield code="l">0</subfield>
    <subfield code="p">2025-0260</subfield>
    <subfield code="r">2025-01-23</subfield>
    <subfield code="t">e.3</subfield>
    <subfield code="w">2025-01-23</subfield>
    <subfield code="y">ISSUE</subfield>
  </datafield>
  <datafield tag="952" ind1=" " ind2=" ">
    <subfield code="0">0</subfield>
    <subfield code="1">0</subfield>
    <subfield code="2">ddc</subfield>
    <subfield code="4">0</subfield>
    <subfield code="5">6</subfield>
    <subfield code="7">0</subfield>
    <subfield code="8">SE</subfield>
    <subfield code="a">BNPHU</subfield>
    <subfield code="b">BNPHU</subfield>
    <subfield code="d">2025-01-23</subfield>
    <subfield code="h">N&#xFA;mero 9, A&#xF1;o 2, Julio/Agosto 2017</subfield>
    <subfield code="l">0</subfield>
    <subfield code="p">2025-0261</subfield>
    <subfield code="r">2025-01-23</subfield>
    <subfield code="t">e.1</subfield>
    <subfield code="w">2025-01-23</subfield>
    <subfield code="y">ISSUE</subfield>
  </datafield>
  <datafield tag="952" ind1=" " ind2=" ">
    <subfield code="0">0</subfield>
    <subfield code="1">0</subfield>
    <subfield code="2">ddc</subfield>
    <subfield code="4">0</subfield>
    <subfield code="5">6</subfield>
    <subfield code="7">0</subfield>
    <subfield code="8">SE</subfield>
    <subfield code="a">BNPHU</subfield>
    <subfield code="b">BNPHU</subfield>
    <subfield code="d">2025-01-23</subfield>
    <subfield code="h">N&#xFA;mero 9, A&#xF1;o 2, Julio/Agosto 2017</subfield>
    <subfield code="l">0</subfield>
    <subfield code="p">2025-0262</subfield>
    <subfield code="r">2025-01-23</subfield>
    <subfield code="t">e.2</subfield>
    <subfield code="w">2025-01-23</subfield>
    <subfield code="y">ISSUE</subfield>
  </datafield>
  <datafield tag="952" ind1=" " ind2=" ">
    <subfield code="0">0</subfield>
    <subfield code="1">0</subfield>
    <subfield code="2">ddc</subfield>
    <subfield code="4">0</subfield>
    <subfield code="5">6</subfield>
    <subfield code="7">0</subfield>
    <subfield code="8">SE</subfield>
    <subfield code="a">BNPHU</subfield>
    <subfield code="b">BNPHU</subfield>
    <subfield code="d">2025-01-23</subfield>
    <subfield code="h">N&#xFA;mero 9, A&#xF1;o 2, Julio/Agosto 2017</subfield>
    <subfield code="l">0</subfield>
    <subfield code="p">2025-0263</subfield>
    <subfield code="r">2025-01-23</subfield>
    <subfield code="t">e.3</subfield>
    <subfield code="w">2025-01-23</subfield>
    <subfield code="y">ISSUE</subfield>
  </datafield>
  <datafield tag="952" ind1=" " ind2=" ">
    <subfield code="0">0</subfield>
    <subfield code="1">0</subfield>
    <subfield code="2">ddc</subfield>
    <subfield code="4">0</subfield>
    <subfield code="5">6</subfield>
    <subfield code="7">0</subfield>
    <subfield code="8">SE</subfield>
    <subfield code="a">BNPHU</subfield>
    <subfield code="b">BNPHU</subfield>
    <subfield code="d">2025-01-23</subfield>
    <subfield code="h">N&#xFA;mero 9, A&#xF1;o 2, Julio/Agosto 2017</subfield>
    <subfield code="l">0</subfield>
    <subfield code="p">2025-0264</subfield>
    <subfield code="r">2025-01-23</subfield>
    <subfield code="t">e.4</subfield>
    <subfield code="w">2025-01-23</subfield>
    <subfield code="y">ISSUE</subfield>
  </datafield>
  <datafield tag="952" ind1=" " ind2=" ">
    <subfield code="0">0</subfield>
    <subfield code="1">0</subfield>
    <subfield code="2">ddc</subfield>
    <subfield code="4">0</subfield>
    <subfield code="5">6</subfield>
    <subfield code="7">0</subfield>
    <subfield code="8">SE</subfield>
    <subfield code="a">BNPHU</subfield>
    <subfield code="b">BNPHU</subfield>
    <subfield code="d">2025-01-23</subfield>
    <subfield code="h">N&#xFA;mero 10, A&#xF1;o 2, Septiembre/Octubre 2017</subfield>
    <subfield code="l">0</subfield>
    <subfield code="p">2025-0265</subfield>
    <subfield code="r">2025-01-23</subfield>
    <subfield code="t">e.1</subfield>
    <subfield code="w">2025-01-23</subfield>
    <subfield code="y">ISSUE</subfield>
  </datafield>
  <datafield tag="952" ind1=" " ind2=" ">
    <subfield code="0">0</subfield>
    <subfield code="1">0</subfield>
    <subfield code="2">ddc</subfield>
    <subfield code="4">0</subfield>
    <subfield code="5">6</subfield>
    <subfield code="7">0</subfield>
    <subfield code="8">SE</subfield>
    <subfield code="a">BNPHU</subfield>
    <subfield code="b">BNPHU</subfield>
    <subfield code="d">2025-01-23</subfield>
    <subfield code="h">N&#xFA;mero 10, A&#xF1;o 2, Septiembre/Octubre 2017</subfield>
    <subfield code="l">0</subfield>
    <subfield code="p">2025-0266</subfield>
    <subfield code="r">2025-01-23</subfield>
    <subfield code="t">e.2</subfield>
    <subfield code="w">2025-01-23</subfield>
    <subfield code="y">ISSUE</subfield>
  </datafield>
  <datafield tag="952" ind1=" " ind2=" ">
    <subfield code="0">0</subfield>
    <subfield code="1">0</subfield>
    <subfield code="2">ddc</subfield>
    <subfield code="4">0</subfield>
    <subfield code="5">6</subfield>
    <subfield code="7">0</subfield>
    <subfield code="8">SE</subfield>
    <subfield code="a">BNPHU</subfield>
    <subfield code="b">BNPHU</subfield>
    <subfield code="d">2025-01-23</subfield>
    <subfield code="h">N&#xFA;mero 10, A&#xF1;o 2, Septiembre/Octubre 2017</subfield>
    <subfield code="l">0</subfield>
    <subfield code="p">2025-0267</subfield>
    <subfield code="r">2025-01-23</subfield>
    <subfield code="t">e.3</subfield>
    <subfield code="w">2025-01-23</subfield>
    <subfield code="y">ISSUE</subfield>
  </datafield>
  <datafield tag="952" ind1=" " ind2=" ">
    <subfield code="0">0</subfield>
    <subfield code="1">0</subfield>
    <subfield code="2">ddc</subfield>
    <subfield code="4">0</subfield>
    <subfield code="5">6</subfield>
    <subfield code="7">0</subfield>
    <subfield code="8">SE</subfield>
    <subfield code="a">BNPHU</subfield>
    <subfield code="b">BNPHU</subfield>
    <subfield code="d">2025-01-23</subfield>
    <subfield code="h">N&#xFA;mero 10, A&#xF1;o 2, Septiembre/Octubre 2017</subfield>
    <subfield code="l">0</subfield>
    <subfield code="p">2025-0268</subfield>
    <subfield code="r">2025-01-23</subfield>
    <subfield code="t">e.4</subfield>
    <subfield code="w">2025-01-23</subfield>
    <subfield code="y">ISSUE</subfield>
  </datafield>
  <datafield tag="952" ind1=" " ind2=" ">
    <subfield code="0">0</subfield>
    <subfield code="1">0</subfield>
    <subfield code="2">ddc</subfield>
    <subfield code="4">0</subfield>
    <subfield code="5">6</subfield>
    <subfield code="7">0</subfield>
    <subfield code="8">SE</subfield>
    <subfield code="a">BNPHU</subfield>
    <subfield code="b">BNPHU</subfield>
    <subfield code="d">2025-01-23</subfield>
    <subfield code="h">N&#xFA;mero 11, A&#xF1;o 2, 2018</subfield>
    <subfield code="l">0</subfield>
    <subfield code="p">2025-0270</subfield>
    <subfield code="r">2025-01-23</subfield>
    <subfield code="t">e.1</subfield>
    <subfield code="w">2025-01-23</subfield>
    <subfield code="y">ISSUE</subfield>
  </datafield>
  <datafield tag="952" ind1=" " ind2=" ">
    <subfield code="0">0</subfield>
    <subfield code="1">0</subfield>
    <subfield code="2">ddc</subfield>
    <subfield code="4">0</subfield>
    <subfield code="5">6</subfield>
    <subfield code="7">0</subfield>
    <subfield code="8">SE</subfield>
    <subfield code="a">BNPHU</subfield>
    <subfield code="b">BNPHU</subfield>
    <subfield code="d">2025-01-23</subfield>
    <subfield code="h">N&#xFA;mero 11, A&#xF1;o 2, 2018</subfield>
    <subfield code="l">0</subfield>
    <subfield code="p">2025-0271</subfield>
    <subfield code="r">2025-01-23</subfield>
    <subfield code="t">e.2</subfield>
    <subfield code="w">2025-01-23</subfield>
    <subfield code="y">ISSUE</subfield>
  </datafield>
  <datafield tag="952" ind1=" " ind2=" ">
    <subfield code="0">0</subfield>
    <subfield code="1">0</subfield>
    <subfield code="2">ddc</subfield>
    <subfield code="4">0</subfield>
    <subfield code="5">6</subfield>
    <subfield code="7">0</subfield>
    <subfield code="8">SE</subfield>
    <subfield code="a">BNPHU</subfield>
    <subfield code="b">BNPHU</subfield>
    <subfield code="d">2025-01-23</subfield>
    <subfield code="h">N&#xFA;mero 11, A&#xF1;o 2, 2018</subfield>
    <subfield code="l">0</subfield>
    <subfield code="p">2025-0272</subfield>
    <subfield code="r">2025-01-23</subfield>
    <subfield code="t">e.3</subfield>
    <subfield code="w">2025-01-23</subfield>
    <subfield code="y">ISSUE</subfield>
  </datafield>
  <datafield tag="952" ind1=" " ind2=" ">
    <subfield code="0">0</subfield>
    <subfield code="1">0</subfield>
    <subfield code="2">ddc</subfield>
    <subfield code="4">0</subfield>
    <subfield code="5">6</subfield>
    <subfield code="7">0</subfield>
    <subfield code="8">SE</subfield>
    <subfield code="a">BNPHU</subfield>
    <subfield code="b">BNPHU</subfield>
    <subfield code="d">2025-01-23</subfield>
    <subfield code="h">N&#xFA;mero 11, A&#xF1;o 2, 2018</subfield>
    <subfield code="l">0</subfield>
    <subfield code="p">2025-0273</subfield>
    <subfield code="r">2025-01-23</subfield>
    <subfield code="t">e.4</subfield>
    <subfield code="w">2025-01-23</subfield>
    <subfield code="y">ISSUE</subfield>
  </datafield>
  <datafield tag="952" ind1=" " ind2=" ">
    <subfield code="0">0</subfield>
    <subfield code="1">0</subfield>
    <subfield code="2">ddc</subfield>
    <subfield code="4">0</subfield>
    <subfield code="5">6</subfield>
    <subfield code="7">0</subfield>
    <subfield code="8">SE</subfield>
    <subfield code="a">BNPHU</subfield>
    <subfield code="b">BNPHU</subfield>
    <subfield code="d">2025-01-23</subfield>
    <subfield code="h">N&#xFA;mero 12, A&#xF1;o 2, 2018</subfield>
    <subfield code="l">0</subfield>
    <subfield code="p">2025-0274</subfield>
    <subfield code="r">2025-01-23</subfield>
    <subfield code="t">e.1</subfield>
    <subfield code="w">2025-01-23</subfield>
    <subfield code="y">ISSUE</subfield>
  </datafield>
  <datafield tag="952" ind1=" " ind2=" ">
    <subfield code="0">0</subfield>
    <subfield code="1">0</subfield>
    <subfield code="2">ddc</subfield>
    <subfield code="4">0</subfield>
    <subfield code="5">6</subfield>
    <subfield code="7">0</subfield>
    <subfield code="8">SE</subfield>
    <subfield code="a">BNPHU</subfield>
    <subfield code="b">BNPHU</subfield>
    <subfield code="d">2025-01-23</subfield>
    <subfield code="h">N&#xFA;mero 12, A&#xF1;o 2, 2018</subfield>
    <subfield code="l">0</subfield>
    <subfield code="p">2025-0275</subfield>
    <subfield code="r">2025-01-23</subfield>
    <subfield code="t">e.2</subfield>
    <subfield code="w">2025-01-23</subfield>
    <subfield code="y">ISSUE</subfield>
  </datafield>
  <datafield tag="952" ind1=" " ind2=" ">
    <subfield code="0">0</subfield>
    <subfield code="1">0</subfield>
    <subfield code="2">ddc</subfield>
    <subfield code="4">0</subfield>
    <subfield code="5">6</subfield>
    <subfield code="7">0</subfield>
    <subfield code="8">SE</subfield>
    <subfield code="a">BNPHU</subfield>
    <subfield code="b">BNPHU</subfield>
    <subfield code="d">2025-01-23</subfield>
    <subfield code="h">N&#xFA;mero 12, A&#xF1;o 2, 2018</subfield>
    <subfield code="l">0</subfield>
    <subfield code="p">2025-0276</subfield>
    <subfield code="r">2025-01-23</subfield>
    <subfield code="t">e.3</subfield>
    <subfield code="w">2025-01-23</subfield>
    <subfield code="y">ISSUE</subfield>
  </datafield>
  <datafield tag="952" ind1=" " ind2=" ">
    <subfield code="0">0</subfield>
    <subfield code="1">0</subfield>
    <subfield code="2">ddc</subfield>
    <subfield code="4">0</subfield>
    <subfield code="5">6</subfield>
    <subfield code="7">0</subfield>
    <subfield code="8">SE</subfield>
    <subfield code="a">BNPHU</subfield>
    <subfield code="b">BNPHU</subfield>
    <subfield code="d">2025-01-23</subfield>
    <subfield code="h">N&#xFA;mero 12, A&#xF1;o 2, 2018</subfield>
    <subfield code="l">0</subfield>
    <subfield code="p">2025-0277</subfield>
    <subfield code="r">2025-01-23</subfield>
    <subfield code="t">e.4</subfield>
    <subfield code="w">2025-01-23</subfield>
    <subfield code="y">ISSUE</subfield>
  </datafield>
  <datafield tag="952" ind1=" " ind2=" ">
    <subfield code="0">0</subfield>
    <subfield code="1">0</subfield>
    <subfield code="2">ddc</subfield>
    <subfield code="4">0</subfield>
    <subfield code="5">6</subfield>
    <subfield code="7">0</subfield>
    <subfield code="8">SE</subfield>
    <subfield code="a">BNPHU</subfield>
    <subfield code="b">BNPHU</subfield>
    <subfield code="d">2025-01-23</subfield>
    <subfield code="h">N&#xFA;mero 13, A&#xF1;o 2, Julio/Agosto 2018</subfield>
    <subfield code="l">0</subfield>
    <subfield code="p">2025-0278</subfield>
    <subfield code="r">2025-01-23</subfield>
    <subfield code="t">e.1</subfield>
    <subfield code="w">2025-01-23</subfield>
    <subfield code="y">ISSUE</subfield>
  </datafield>
  <datafield tag="952" ind1=" " ind2=" ">
    <subfield code="0">0</subfield>
    <subfield code="1">0</subfield>
    <subfield code="2">ddc</subfield>
    <subfield code="4">0</subfield>
    <subfield code="5">6</subfield>
    <subfield code="7">0</subfield>
    <subfield code="8">SE</subfield>
    <subfield code="a">BNPHU</subfield>
    <subfield code="b">BNPHU</subfield>
    <subfield code="d">2025-01-23</subfield>
    <subfield code="h">N&#xFA;mero 13, A&#xF1;o 2, Julio/Agosto 2018</subfield>
    <subfield code="l">0</subfield>
    <subfield code="p">2025-0279</subfield>
    <subfield code="r">2025-01-23</subfield>
    <subfield code="t">e.2</subfield>
    <subfield code="w">2025-01-23</subfield>
    <subfield code="y">ISSUE</subfield>
  </datafield>
  <datafield tag="952" ind1=" " ind2=" ">
    <subfield code="0">0</subfield>
    <subfield code="1">0</subfield>
    <subfield code="2">ddc</subfield>
    <subfield code="4">0</subfield>
    <subfield code="5">6</subfield>
    <subfield code="7">0</subfield>
    <subfield code="8">SE</subfield>
    <subfield code="a">BNPHU</subfield>
    <subfield code="b">BNPHU</subfield>
    <subfield code="d">2025-01-23</subfield>
    <subfield code="h">N&#xFA;mero 13, A&#xF1;o 2, Julio/Agosto 2018</subfield>
    <subfield code="l">0</subfield>
    <subfield code="p">2025-0280</subfield>
    <subfield code="r">2025-01-23</subfield>
    <subfield code="t">e.3</subfield>
    <subfield code="w">2025-01-23</subfield>
    <subfield code="y">ISSUE</subfield>
  </datafield>
  <datafield tag="952" ind1=" " ind2=" ">
    <subfield code="0">0</subfield>
    <subfield code="1">0</subfield>
    <subfield code="2">ddc</subfield>
    <subfield code="4">0</subfield>
    <subfield code="5">6</subfield>
    <subfield code="7">0</subfield>
    <subfield code="8">SE</subfield>
    <subfield code="a">BNPHU</subfield>
    <subfield code="b">BNPHU</subfield>
    <subfield code="d">2025-01-23</subfield>
    <subfield code="h">N&#xFA;mero 13, A&#xF1;o 2, Julio/Agosto 2018</subfield>
    <subfield code="l">0</subfield>
    <subfield code="p">2025-0281</subfield>
    <subfield code="r">2025-01-23</subfield>
    <subfield code="t">e.4</subfield>
    <subfield code="w">2025-01-23</subfield>
    <subfield code="y">ISSUE</subfield>
  </datafield>
  <datafield tag="952" ind1=" " ind2=" ">
    <subfield code="0">0</subfield>
    <subfield code="1">0</subfield>
    <subfield code="2">ddc</subfield>
    <subfield code="4">0</subfield>
    <subfield code="5">6</subfield>
    <subfield code="7">0</subfield>
    <subfield code="8">SE</subfield>
    <subfield code="a">BNPHU</subfield>
    <subfield code="b">BNPHU</subfield>
    <subfield code="d">2025-01-23</subfield>
    <subfield code="h">N&#xFA;mero 14, A&#xF1;o 2</subfield>
    <subfield code="l">0</subfield>
    <subfield code="p">2025-0282</subfield>
    <subfield code="r">2025-01-23</subfield>
    <subfield code="t">e.1</subfield>
    <subfield code="w">2025-01-23</subfield>
    <subfield code="y">ISSUE</subfield>
  </datafield>
  <datafield tag="952" ind1=" " ind2=" ">
    <subfield code="0">0</subfield>
    <subfield code="1">0</subfield>
    <subfield code="2">ddc</subfield>
    <subfield code="4">0</subfield>
    <subfield code="5">6</subfield>
    <subfield code="7">0</subfield>
    <subfield code="8">SE</subfield>
    <subfield code="a">BNPHU</subfield>
    <subfield code="b">BNPHU</subfield>
    <subfield code="d">2025-01-23</subfield>
    <subfield code="h">N&#xFA;mero 14, A&#xF1;o 2</subfield>
    <subfield code="l">0</subfield>
    <subfield code="p">2025-0283</subfield>
    <subfield code="r">2025-01-23</subfield>
    <subfield code="t">e.2</subfield>
    <subfield code="w">2025-01-23</subfield>
    <subfield code="y">ISSUE</subfield>
  </datafield>
  <datafield tag="952" ind1=" " ind2=" ">
    <subfield code="0">0</subfield>
    <subfield code="1">0</subfield>
    <subfield code="2">ddc</subfield>
    <subfield code="4">0</subfield>
    <subfield code="5">6</subfield>
    <subfield code="7">0</subfield>
    <subfield code="8">SE</subfield>
    <subfield code="a">BNPHU</subfield>
    <subfield code="b">BNPHU</subfield>
    <subfield code="d">2025-01-23</subfield>
    <subfield code="h">N&#xFA;mero 14, A&#xF1;o 2</subfield>
    <subfield code="l">0</subfield>
    <subfield code="p">2025-0284</subfield>
    <subfield code="r">2025-01-23</subfield>
    <subfield code="t">e.3</subfield>
    <subfield code="w">2025-01-23</subfield>
    <subfield code="y">ISSUE</subfield>
  </datafield>
  <datafield tag="952" ind1=" " ind2=" ">
    <subfield code="0">0</subfield>
    <subfield code="1">0</subfield>
    <subfield code="2">ddc</subfield>
    <subfield code="4">0</subfield>
    <subfield code="5">6</subfield>
    <subfield code="7">0</subfield>
    <subfield code="8">SE</subfield>
    <subfield code="a">BNPHU</subfield>
    <subfield code="b">BNPHU</subfield>
    <subfield code="d">2025-01-23</subfield>
    <subfield code="h">N&#xFA;mero 15, A&#xF1;o 3</subfield>
    <subfield code="l">0</subfield>
    <subfield code="p">2025-0285</subfield>
    <subfield code="r">2025-01-23</subfield>
    <subfield code="t">e.1</subfield>
    <subfield code="w">2025-01-23</subfield>
    <subfield code="y">ISSUE</subfield>
  </datafield>
  <datafield tag="952" ind1=" " ind2=" ">
    <subfield code="0">0</subfield>
    <subfield code="1">0</subfield>
    <subfield code="2">ddc</subfield>
    <subfield code="4">0</subfield>
    <subfield code="5">6</subfield>
    <subfield code="7">0</subfield>
    <subfield code="8">SE</subfield>
    <subfield code="a">BNPHU</subfield>
    <subfield code="b">BNPHU</subfield>
    <subfield code="d">2025-01-23</subfield>
    <subfield code="h">N&#xFA;mero 15, A&#xF1;o 3</subfield>
    <subfield code="l">0</subfield>
    <subfield code="p">2025-0286</subfield>
    <subfield code="r">2025-01-23</subfield>
    <subfield code="t">e.2</subfield>
    <subfield code="w">2025-01-23</subfield>
    <subfield code="y">ISSUE</subfield>
  </datafield>
  <datafield tag="952" ind1=" " ind2=" ">
    <subfield code="0">0</subfield>
    <subfield code="1">0</subfield>
    <subfield code="2">ddc</subfield>
    <subfield code="4">0</subfield>
    <subfield code="5">6</subfield>
    <subfield code="7">0</subfield>
    <subfield code="8">SE</subfield>
    <subfield code="a">BNPHU</subfield>
    <subfield code="b">BNPHU</subfield>
    <subfield code="d">2025-01-23</subfield>
    <subfield code="h">N&#xFA;mero 15, A&#xF1;o 3</subfield>
    <subfield code="l">0</subfield>
    <subfield code="p">2025-0287</subfield>
    <subfield code="r">2025-01-23</subfield>
    <subfield code="t">e.3</subfield>
    <subfield code="w">2025-01-23</subfield>
    <subfield code="y">ISSUE</subfield>
  </datafield>
  <datafield tag="952" ind1=" " ind2=" ">
    <subfield code="0">0</subfield>
    <subfield code="1">0</subfield>
    <subfield code="2">ddc</subfield>
    <subfield code="4">0</subfield>
    <subfield code="5">6</subfield>
    <subfield code="7">0</subfield>
    <subfield code="8">SE</subfield>
    <subfield code="a">BNPHU</subfield>
    <subfield code="b">BNPHU</subfield>
    <subfield code="d">2025-01-23</subfield>
    <subfield code="h">N&#xFA;mero 15, A&#xF1;o 3</subfield>
    <subfield code="l">0</subfield>
    <subfield code="p">2025-0288</subfield>
    <subfield code="r">2025-01-23</subfield>
    <subfield code="t">e.4</subfield>
    <subfield code="w">2025-01-23</subfield>
    <subfield code="y">ISSUE</subfield>
  </datafield>
  <datafield tag="952" ind1=" " ind2=" ">
    <subfield code="0">0</subfield>
    <subfield code="1">0</subfield>
    <subfield code="2">ddc</subfield>
    <subfield code="4">0</subfield>
    <subfield code="5">6</subfield>
    <subfield code="7">0</subfield>
    <subfield code="8">SE</subfield>
    <subfield code="a">BNPHU</subfield>
    <subfield code="b">BNPHU</subfield>
    <subfield code="d">2025-01-23</subfield>
    <subfield code="h">N&#xFA;mero 16, A&#xF1;o 3</subfield>
    <subfield code="l">0</subfield>
    <subfield code="p">2025-0289</subfield>
    <subfield code="r">2025-01-23</subfield>
    <subfield code="t">e.1</subfield>
    <subfield code="w">2025-01-23</subfield>
    <subfield code="y">ISSUE</subfield>
  </datafield>
  <datafield tag="952" ind1=" " ind2=" ">
    <subfield code="0">0</subfield>
    <subfield code="1">0</subfield>
    <subfield code="2">ddc</subfield>
    <subfield code="4">0</subfield>
    <subfield code="5">6</subfield>
    <subfield code="7">0</subfield>
    <subfield code="8">SE</subfield>
    <subfield code="a">BNPHU</subfield>
    <subfield code="b">BNPHU</subfield>
    <subfield code="d">2025-01-23</subfield>
    <subfield code="h">N&#xFA;mero 16, A&#xF1;o 3</subfield>
    <subfield code="l">0</subfield>
    <subfield code="p">2025-0290</subfield>
    <subfield code="r">2025-01-23</subfield>
    <subfield code="t">e.2</subfield>
    <subfield code="w">2025-01-23</subfield>
    <subfield code="y">ISSUE</subfield>
  </datafield>
  <datafield tag="952" ind1=" " ind2=" ">
    <subfield code="0">0</subfield>
    <subfield code="1">0</subfield>
    <subfield code="2">ddc</subfield>
    <subfield code="4">0</subfield>
    <subfield code="5">6</subfield>
    <subfield code="7">0</subfield>
    <subfield code="8">SE</subfield>
    <subfield code="a">BNPHU</subfield>
    <subfield code="b">BNPHU</subfield>
    <subfield code="d">2025-01-23</subfield>
    <subfield code="h">N&#xFA;mero 16, A&#xF1;o 3</subfield>
    <subfield code="l">0</subfield>
    <subfield code="p">2025-0291</subfield>
    <subfield code="r">2025-01-23</subfield>
    <subfield code="t">e.3</subfield>
    <subfield code="w">2025-01-23</subfield>
    <subfield code="y">ISSUE</subfield>
  </datafield>
  <datafield tag="952" ind1=" " ind2=" ">
    <subfield code="0">0</subfield>
    <subfield code="1">0</subfield>
    <subfield code="2">ddc</subfield>
    <subfield code="4">0</subfield>
    <subfield code="5">6</subfield>
    <subfield code="7">0</subfield>
    <subfield code="8">SE</subfield>
    <subfield code="a">BNPHU</subfield>
    <subfield code="b">BNPHU</subfield>
    <subfield code="d">2025-01-23</subfield>
    <subfield code="h">N&#xFA;mero 17, A&#xF1;o 3</subfield>
    <subfield code="l">0</subfield>
    <subfield code="p">2025-0292</subfield>
    <subfield code="r">2025-01-23</subfield>
    <subfield code="t">e.1</subfield>
    <subfield code="w">2025-01-23</subfield>
    <subfield code="y">ISSUE</subfield>
  </datafield>
  <datafield tag="952" ind1=" " ind2=" ">
    <subfield code="0">0</subfield>
    <subfield code="1">0</subfield>
    <subfield code="2">ddc</subfield>
    <subfield code="4">0</subfield>
    <subfield code="5">6</subfield>
    <subfield code="7">0</subfield>
    <subfield code="8">SE</subfield>
    <subfield code="a">BNPHU</subfield>
    <subfield code="b">BNPHU</subfield>
    <subfield code="d">2025-01-23</subfield>
    <subfield code="h">N&#xFA;mero 17, A&#xF1;o 3</subfield>
    <subfield code="l">0</subfield>
    <subfield code="p">2025-0293</subfield>
    <subfield code="r">2025-01-23</subfield>
    <subfield code="t">e.2</subfield>
    <subfield code="w">2025-01-23</subfield>
    <subfield code="y">ISSUE</subfield>
  </datafield>
  <datafield tag="952" ind1=" " ind2=" ">
    <subfield code="0">0</subfield>
    <subfield code="1">0</subfield>
    <subfield code="2">ddc</subfield>
    <subfield code="4">0</subfield>
    <subfield code="5">6</subfield>
    <subfield code="7">0</subfield>
    <subfield code="8">SE</subfield>
    <subfield code="a">BNPHU</subfield>
    <subfield code="b">BNPHU</subfield>
    <subfield code="d">2025-01-23</subfield>
    <subfield code="h">N&#xFA;mero 17, A&#xF1;o 3</subfield>
    <subfield code="l">0</subfield>
    <subfield code="p">2025-0294</subfield>
    <subfield code="r">2025-01-23</subfield>
    <subfield code="t">e.3</subfield>
    <subfield code="w">2025-01-23</subfield>
    <subfield code="y">ISSUE</subfield>
  </datafield>
  <datafield tag="952" ind1=" " ind2=" ">
    <subfield code="0">0</subfield>
    <subfield code="1">0</subfield>
    <subfield code="2">ddc</subfield>
    <subfield code="4">0</subfield>
    <subfield code="5">6</subfield>
    <subfield code="7">0</subfield>
    <subfield code="8">SE</subfield>
    <subfield code="a">BNPHU</subfield>
    <subfield code="b">BNPHU</subfield>
    <subfield code="d">2025-01-23</subfield>
    <subfield code="h">N&#xFA;mero 18, A&#xF1;o 3</subfield>
    <subfield code="l">0</subfield>
    <subfield code="p">2025-0295</subfield>
    <subfield code="r">2025-01-23</subfield>
    <subfield code="t">e.1</subfield>
    <subfield code="w">2025-01-23</subfield>
    <subfield code="y">ISSUE</subfield>
  </datafield>
  <datafield tag="952" ind1=" " ind2=" ">
    <subfield code="0">0</subfield>
    <subfield code="1">0</subfield>
    <subfield code="2">ddc</subfield>
    <subfield code="4">0</subfield>
    <subfield code="5">6</subfield>
    <subfield code="7">0</subfield>
    <subfield code="8">SE</subfield>
    <subfield code="a">BNPHU</subfield>
    <subfield code="b">BNPHU</subfield>
    <subfield code="d">2025-01-23</subfield>
    <subfield code="h">N&#xFA;mero 18, A&#xF1;o 3</subfield>
    <subfield code="l">0</subfield>
    <subfield code="p">2025-0296</subfield>
    <subfield code="r">2025-01-23</subfield>
    <subfield code="t">e.2</subfield>
    <subfield code="w">2025-01-23</subfield>
    <subfield code="y">ISSUE</subfield>
  </datafield>
  <datafield tag="952" ind1=" " ind2=" ">
    <subfield code="0">0</subfield>
    <subfield code="1">0</subfield>
    <subfield code="2">ddc</subfield>
    <subfield code="4">0</subfield>
    <subfield code="5">6</subfield>
    <subfield code="7">0</subfield>
    <subfield code="8">SE</subfield>
    <subfield code="a">BNPHU</subfield>
    <subfield code="b">BNPHU</subfield>
    <subfield code="d">2025-01-23</subfield>
    <subfield code="h">N&#xFA;mero 18, A&#xF1;o 3</subfield>
    <subfield code="l">0</subfield>
    <subfield code="p">2025-0297</subfield>
    <subfield code="r">2025-01-23</subfield>
    <subfield code="t">e.3</subfield>
    <subfield code="w">2025-01-23</subfield>
    <subfield code="y">ISSUE</subfield>
  </datafield>
  <datafield tag="952" ind1=" " ind2=" ">
    <subfield code="0">0</subfield>
    <subfield code="1">0</subfield>
    <subfield code="2">ddc</subfield>
    <subfield code="4">0</subfield>
    <subfield code="5">6</subfield>
    <subfield code="7">0</subfield>
    <subfield code="8">SE</subfield>
    <subfield code="a">BNPHU</subfield>
    <subfield code="b">BNPHU</subfield>
    <subfield code="d">2025-01-23</subfield>
    <subfield code="h">N&#xFA;mero 19, A&#xF1;o 3</subfield>
    <subfield code="l">0</subfield>
    <subfield code="p">2025-0298</subfield>
    <subfield code="r">2025-01-23</subfield>
    <subfield code="t">e.1</subfield>
    <subfield code="w">2025-01-23</subfield>
    <subfield code="y">ISSUE</subfield>
  </datafield>
  <datafield tag="952" ind1=" " ind2=" ">
    <subfield code="0">0</subfield>
    <subfield code="1">0</subfield>
    <subfield code="2">ddc</subfield>
    <subfield code="4">0</subfield>
    <subfield code="5">6</subfield>
    <subfield code="7">0</subfield>
    <subfield code="8">SE</subfield>
    <subfield code="a">BNPHU</subfield>
    <subfield code="b">BNPHU</subfield>
    <subfield code="d">2025-01-23</subfield>
    <subfield code="h">N&#xFA;mero 19, A&#xF1;o 3</subfield>
    <subfield code="l">0</subfield>
    <subfield code="p">2025-0299</subfield>
    <subfield code="r">2025-01-23</subfield>
    <subfield code="t">e.2</subfield>
    <subfield code="w">2025-01-23</subfield>
    <subfield code="y">ISSUE</subfield>
  </datafield>
  <datafield tag="952" ind1=" " ind2=" ">
    <subfield code="0">0</subfield>
    <subfield code="1">0</subfield>
    <subfield code="2">ddc</subfield>
    <subfield code="4">0</subfield>
    <subfield code="5">6</subfield>
    <subfield code="7">0</subfield>
    <subfield code="8">SE</subfield>
    <subfield code="a">BNPHU</subfield>
    <subfield code="b">BNPHU</subfield>
    <subfield code="d">2025-01-23</subfield>
    <subfield code="h">N&#xFA;mero 19, A&#xF1;o 3</subfield>
    <subfield code="l">0</subfield>
    <subfield code="p">2025-0300</subfield>
    <subfield code="r">2025-01-23</subfield>
    <subfield code="t">e.3</subfield>
    <subfield code="w">2025-01-23</subfield>
    <subfield code="y">ISSUE</subfield>
  </datafield>
  <datafield tag="952" ind1=" " ind2=" ">
    <subfield code="0">0</subfield>
    <subfield code="1">0</subfield>
    <subfield code="2">ddc</subfield>
    <subfield code="4">0</subfield>
    <subfield code="5">6</subfield>
    <subfield code="7">0</subfield>
    <subfield code="8">SE</subfield>
    <subfield code="a">BNPHU</subfield>
    <subfield code="b">BNPHU</subfield>
    <subfield code="d">2025-01-23</subfield>
    <subfield code="h">N&#xFA;mero 20, A&#xF1;o 4</subfield>
    <subfield code="l">0</subfield>
    <subfield code="p">2025-0301</subfield>
    <subfield code="r">2025-01-23</subfield>
    <subfield code="t">e.1</subfield>
    <subfield code="w">2025-01-23</subfield>
    <subfield code="y">ISSUE</subfield>
  </datafield>
  <datafield tag="952" ind1=" " ind2=" ">
    <subfield code="0">0</subfield>
    <subfield code="1">0</subfield>
    <subfield code="2">ddc</subfield>
    <subfield code="4">0</subfield>
    <subfield code="5">6</subfield>
    <subfield code="7">0</subfield>
    <subfield code="8">SE</subfield>
    <subfield code="a">BNPHU</subfield>
    <subfield code="b">BNPHU</subfield>
    <subfield code="d">2025-01-23</subfield>
    <subfield code="h">N&#xFA;mero 20, A&#xF1;o 4</subfield>
    <subfield code="l">0</subfield>
    <subfield code="p">2025-0302</subfield>
    <subfield code="r">2025-01-23</subfield>
    <subfield code="t">e.2</subfield>
    <subfield code="w">2025-01-23</subfield>
    <subfield code="y">ISSUE</subfield>
  </datafield>
  <datafield tag="952" ind1=" " ind2=" ">
    <subfield code="0">0</subfield>
    <subfield code="1">0</subfield>
    <subfield code="2">ddc</subfield>
    <subfield code="4">0</subfield>
    <subfield code="5">6</subfield>
    <subfield code="7">0</subfield>
    <subfield code="8">SE</subfield>
    <subfield code="a">BNPHU</subfield>
    <subfield code="b">BNPHU</subfield>
    <subfield code="d">2025-01-23</subfield>
    <subfield code="h">N&#xFA;mero 21, A&#xF1;o 4</subfield>
    <subfield code="l">0</subfield>
    <subfield code="p">2025-0303</subfield>
    <subfield code="r">2025-01-23</subfield>
    <subfield code="t">e.1</subfield>
    <subfield code="w">2025-01-23</subfield>
    <subfield code="y">ISSUE</subfield>
  </datafield>
  <datafield tag="952" ind1=" " ind2=" ">
    <subfield code="0">0</subfield>
    <subfield code="1">0</subfield>
    <subfield code="2">ddc</subfield>
    <subfield code="4">0</subfield>
    <subfield code="5">6</subfield>
    <subfield code="7">0</subfield>
    <subfield code="8">SE</subfield>
    <subfield code="a">BNPHU</subfield>
    <subfield code="b">BNPHU</subfield>
    <subfield code="d">2025-01-23</subfield>
    <subfield code="h">N&#xFA;mero 21, A&#xF1;o 4</subfield>
    <subfield code="l">0</subfield>
    <subfield code="p">2025-0304</subfield>
    <subfield code="r">2025-01-23</subfield>
    <subfield code="t">e.2</subfield>
    <subfield code="w">2025-01-23</subfield>
    <subfield code="y">ISSUE</subfield>
  </datafield>
  <datafield tag="952" ind1=" " ind2=" ">
    <subfield code="0">0</subfield>
    <subfield code="1">0</subfield>
    <subfield code="2">ddc</subfield>
    <subfield code="4">0</subfield>
    <subfield code="5">6</subfield>
    <subfield code="7">0</subfield>
    <subfield code="8">SE</subfield>
    <subfield code="a">BNPHU</subfield>
    <subfield code="b">BNPHU</subfield>
    <subfield code="d">2025-01-23</subfield>
    <subfield code="h">N&#xFA;mero 21, A&#xF1;o 4</subfield>
    <subfield code="l">0</subfield>
    <subfield code="p">2025-0305</subfield>
    <subfield code="r">2025-01-23</subfield>
    <subfield code="t">e.3</subfield>
    <subfield code="w">2025-01-23</subfield>
    <subfield code="y">ISSUE</subfield>
  </datafield>
  <datafield tag="952" ind1=" " ind2=" ">
    <subfield code="0">0</subfield>
    <subfield code="1">0</subfield>
    <subfield code="2">ddc</subfield>
    <subfield code="4">0</subfield>
    <subfield code="5">6</subfield>
    <subfield code="7">0</subfield>
    <subfield code="8">SE</subfield>
    <subfield code="a">BNPHU</subfield>
    <subfield code="b">BNPHU</subfield>
    <subfield code="d">2025-01-23</subfield>
    <subfield code="h">N&#xFA;mero 22, A&#xF1;o 4</subfield>
    <subfield code="l">0</subfield>
    <subfield code="p">2025-0306</subfield>
    <subfield code="r">2025-01-23</subfield>
    <subfield code="t">e.1</subfield>
    <subfield code="w">2025-01-23</subfield>
    <subfield code="y">ISSUE</subfield>
  </datafield>
  <datafield tag="952" ind1=" " ind2=" ">
    <subfield code="0">0</subfield>
    <subfield code="1">0</subfield>
    <subfield code="2">ddc</subfield>
    <subfield code="4">0</subfield>
    <subfield code="5">6</subfield>
    <subfield code="7">0</subfield>
    <subfield code="8">SE</subfield>
    <subfield code="a">BNPHU</subfield>
    <subfield code="b">BNPHU</subfield>
    <subfield code="d">2025-01-23</subfield>
    <subfield code="h">N&#xFA;mero 22, A&#xF1;o 4</subfield>
    <subfield code="l">0</subfield>
    <subfield code="p">2025-0307</subfield>
    <subfield code="r">2025-01-23</subfield>
    <subfield code="t">e.2</subfield>
    <subfield code="w">2025-01-23</subfield>
    <subfield code="y">ISSUE</subfield>
  </datafield>
  <datafield tag="952" ind1=" " ind2=" ">
    <subfield code="0">0</subfield>
    <subfield code="1">0</subfield>
    <subfield code="2">ddc</subfield>
    <subfield code="4">0</subfield>
    <subfield code="5">6</subfield>
    <subfield code="7">0</subfield>
    <subfield code="8">SE</subfield>
    <subfield code="a">BNPHU</subfield>
    <subfield code="b">BNPHU</subfield>
    <subfield code="d">2025-01-23</subfield>
    <subfield code="h">N&#xFA;mero 23, A&#xF1;o 4</subfield>
    <subfield code="l">0</subfield>
    <subfield code="p">2025-0308</subfield>
    <subfield code="r">2025-01-23</subfield>
    <subfield code="t">e.1</subfield>
    <subfield code="w">2025-01-23</subfield>
    <subfield code="y">ISSUE</subfield>
  </datafield>
  <datafield tag="952" ind1=" " ind2=" ">
    <subfield code="0">0</subfield>
    <subfield code="1">0</subfield>
    <subfield code="2">ddc</subfield>
    <subfield code="4">0</subfield>
    <subfield code="5">6</subfield>
    <subfield code="7">0</subfield>
    <subfield code="8">SE</subfield>
    <subfield code="a">BNPHU</subfield>
    <subfield code="b">BNPHU</subfield>
    <subfield code="d">2025-01-23</subfield>
    <subfield code="h">N&#xFA;mero 23, A&#xF1;o 4</subfield>
    <subfield code="l">0</subfield>
    <subfield code="p">2025-0309</subfield>
    <subfield code="r">2025-01-23</subfield>
    <subfield code="t">e.2</subfield>
    <subfield code="w">2025-01-23</subfield>
    <subfield code="y">ISSUE</subfield>
  </datafield>
  <datafield tag="952" ind1=" " ind2=" ">
    <subfield code="0">0</subfield>
    <subfield code="1">0</subfield>
    <subfield code="2">ddc</subfield>
    <subfield code="4">0</subfield>
    <subfield code="5">6</subfield>
    <subfield code="7">0</subfield>
    <subfield code="8">SE</subfield>
    <subfield code="a">BNPHU</subfield>
    <subfield code="b">BNPHU</subfield>
    <subfield code="d">2025-01-23</subfield>
    <subfield code="h">N&#xFA;mero 24, A&#xF1;o 4</subfield>
    <subfield code="l">0</subfield>
    <subfield code="p">2025-0311</subfield>
    <subfield code="r">2025-01-23</subfield>
    <subfield code="t">e.1</subfield>
    <subfield code="w">2025-01-23</subfield>
    <subfield code="y">ISSUE</subfield>
  </datafield>
  <datafield tag="952" ind1=" " ind2=" ">
    <subfield code="0">0</subfield>
    <subfield code="1">0</subfield>
    <subfield code="2">ddc</subfield>
    <subfield code="4">0</subfield>
    <subfield code="5">6</subfield>
    <subfield code="7">0</subfield>
    <subfield code="8">SE</subfield>
    <subfield code="a">BNPHU</subfield>
    <subfield code="b">BNPHU</subfield>
    <subfield code="d">2025-01-23</subfield>
    <subfield code="h">N&#xFA;mero 24, A&#xF1;o 4</subfield>
    <subfield code="l">0</subfield>
    <subfield code="p">2025-0312</subfield>
    <subfield code="r">2025-01-23</subfield>
    <subfield code="t">e.2</subfield>
    <subfield code="w">2025-01-23</subfield>
    <subfield code="y">ISSUE</subfield>
  </datafield>
  <datafield tag="952" ind1=" " ind2=" ">
    <subfield code="0">0</subfield>
    <subfield code="1">0</subfield>
    <subfield code="2">ddc</subfield>
    <subfield code="4">0</subfield>
    <subfield code="5">6</subfield>
    <subfield code="7">0</subfield>
    <subfield code="8">SE</subfield>
    <subfield code="a">BNPHU</subfield>
    <subfield code="b">BNPHU</subfield>
    <subfield code="d">2025-01-23</subfield>
    <subfield code="h">N&#xFA;mero 25, A&#xF1;o 4</subfield>
    <subfield code="l">0</subfield>
    <subfield code="p">2025-0313</subfield>
    <subfield code="r">2025-01-23</subfield>
    <subfield code="t">e.1</subfield>
    <subfield code="w">2025-01-23</subfield>
    <subfield code="y">ISSUE</subfield>
  </datafield>
  <datafield tag="952" ind1=" " ind2=" ">
    <subfield code="0">0</subfield>
    <subfield code="1">0</subfield>
    <subfield code="2">ddc</subfield>
    <subfield code="4">0</subfield>
    <subfield code="5">6</subfield>
    <subfield code="7">0</subfield>
    <subfield code="8">SE</subfield>
    <subfield code="a">BNPHU</subfield>
    <subfield code="b">BNPHU</subfield>
    <subfield code="d">2025-01-23</subfield>
    <subfield code="h">N&#xFA;mero 25, A&#xF1;o 4</subfield>
    <subfield code="l">0</subfield>
    <subfield code="p">2025-0314</subfield>
    <subfield code="r">2025-01-23</subfield>
    <subfield code="t">e.2</subfield>
    <subfield code="w">2025-01-23</subfield>
    <subfield code="y">ISSUE</subfield>
  </datafield>
  <datafield tag="952" ind1=" " ind2=" ">
    <subfield code="0">0</subfield>
    <subfield code="1">0</subfield>
    <subfield code="2">ddc</subfield>
    <subfield code="4">0</subfield>
    <subfield code="5">6</subfield>
    <subfield code="7">0</subfield>
    <subfield code="8">SE</subfield>
    <subfield code="a">BNPHU</subfield>
    <subfield code="b">BNPHU</subfield>
    <subfield code="d">2025-01-23</subfield>
    <subfield code="h">N&#xFA;mero 26, A&#xF1;o 5</subfield>
    <subfield code="l">0</subfield>
    <subfield code="p">2025-0315</subfield>
    <subfield code="r">2025-01-23</subfield>
    <subfield code="t">e.1</subfield>
    <subfield code="w">2025-01-23</subfield>
    <subfield code="y">ISSUE</subfield>
  </datafield>
  <datafield tag="952" ind1=" " ind2=" ">
    <subfield code="0">0</subfield>
    <subfield code="1">0</subfield>
    <subfield code="2">ddc</subfield>
    <subfield code="4">0</subfield>
    <subfield code="5">6</subfield>
    <subfield code="7">0</subfield>
    <subfield code="8">SE</subfield>
    <subfield code="a">BNPHU</subfield>
    <subfield code="b">BNPHU</subfield>
    <subfield code="d">2025-01-23</subfield>
    <subfield code="h">N&#xFA;mero 26, A&#xF1;o 5</subfield>
    <subfield code="l">0</subfield>
    <subfield code="p">2025-0316</subfield>
    <subfield code="r">2025-01-23</subfield>
    <subfield code="t">e.2</subfield>
    <subfield code="w">2025-01-23</subfield>
    <subfield code="y">ISSUE</subfield>
  </datafield>
  <datafield tag="952" ind1=" " ind2=" ">
    <subfield code="0">0</subfield>
    <subfield code="1">0</subfield>
    <subfield code="2">ddc</subfield>
    <subfield code="4">0</subfield>
    <subfield code="5">6</subfield>
    <subfield code="7">0</subfield>
    <subfield code="8">SE</subfield>
    <subfield code="a">BNPHU</subfield>
    <subfield code="b">BNPHU</subfield>
    <subfield code="d">2025-01-23</subfield>
    <subfield code="h">N&#xFA;mero 27, A&#xF1;o 5</subfield>
    <subfield code="l">0</subfield>
    <subfield code="p">2025-0317</subfield>
    <subfield code="r">2025-01-23</subfield>
    <subfield code="t">e.1</subfield>
    <subfield code="w">2025-01-23</subfield>
    <subfield code="y">ISSUE</subfield>
  </datafield>
  <datafield tag="952" ind1=" " ind2=" ">
    <subfield code="0">0</subfield>
    <subfield code="1">0</subfield>
    <subfield code="2">ddc</subfield>
    <subfield code="4">0</subfield>
    <subfield code="5">6</subfield>
    <subfield code="7">0</subfield>
    <subfield code="8">SE</subfield>
    <subfield code="a">BNPHU</subfield>
    <subfield code="b">BNPHU</subfield>
    <subfield code="d">2025-01-23</subfield>
    <subfield code="h">N&#xFA;mero 27, A&#xF1;o 5</subfield>
    <subfield code="l">0</subfield>
    <subfield code="p">2025-0318</subfield>
    <subfield code="r">2025-01-23</subfield>
    <subfield code="t">e.2</subfield>
    <subfield code="w">2025-01-23</subfield>
    <subfield code="y">ISSUE</subfield>
  </datafield>
  <datafield tag="952" ind1=" " ind2=" ">
    <subfield code="0">0</subfield>
    <subfield code="1">0</subfield>
    <subfield code="2">ddc</subfield>
    <subfield code="4">0</subfield>
    <subfield code="5">6</subfield>
    <subfield code="7">0</subfield>
    <subfield code="8">SE</subfield>
    <subfield code="a">BNPHU</subfield>
    <subfield code="b">BNPHU</subfield>
    <subfield code="d">2025-01-23</subfield>
    <subfield code="h">N&#xFA;mero 30, A&#xF1;o 5</subfield>
    <subfield code="l">0</subfield>
    <subfield code="p">2025-0319</subfield>
    <subfield code="r">2025-01-23</subfield>
    <subfield code="t">e.1</subfield>
    <subfield code="w">2025-01-23</subfield>
    <subfield code="y">ISSUE</subfield>
  </datafield>
  <datafield tag="952" ind1=" " ind2=" ">
    <subfield code="0">0</subfield>
    <subfield code="1">0</subfield>
    <subfield code="2">ddc</subfield>
    <subfield code="4">0</subfield>
    <subfield code="5">6</subfield>
    <subfield code="7">0</subfield>
    <subfield code="8">SE</subfield>
    <subfield code="a">BNPHU</subfield>
    <subfield code="b">BNPHU</subfield>
    <subfield code="d">2025-01-23</subfield>
    <subfield code="h">N&#xFA;mero 28, A&#xF1;o 5</subfield>
    <subfield code="l">0</subfield>
    <subfield code="p">2025-0320</subfield>
    <subfield code="r">2025-01-23</subfield>
    <subfield code="t">e.1</subfield>
    <subfield code="w">2025-01-23</subfield>
    <subfield code="y">ISSUE</subfield>
  </datafield>
  <datafield tag="952" ind1=" " ind2=" ">
    <subfield code="0">0</subfield>
    <subfield code="1">0</subfield>
    <subfield code="2">ddc</subfield>
    <subfield code="4">0</subfield>
    <subfield code="5">6</subfield>
    <subfield code="7">0</subfield>
    <subfield code="8">SE</subfield>
    <subfield code="a">BNPHU</subfield>
    <subfield code="b">BNPHU</subfield>
    <subfield code="d">2025-01-23</subfield>
    <subfield code="h">N&#xFA;mero 28, A&#xF1;o 5</subfield>
    <subfield code="l">0</subfield>
    <subfield code="p">2025-0321</subfield>
    <subfield code="r">2025-01-23</subfield>
    <subfield code="t">e.2</subfield>
    <subfield code="w">2025-01-23</subfield>
    <subfield code="y">ISSUE</subfield>
  </datafield>
  <datafield tag="952" ind1=" " ind2=" ">
    <subfield code="0">0</subfield>
    <subfield code="1">0</subfield>
    <subfield code="2">ddc</subfield>
    <subfield code="4">0</subfield>
    <subfield code="5">6</subfield>
    <subfield code="7">0</subfield>
    <subfield code="8">SE</subfield>
    <subfield code="a">BNPHU</subfield>
    <subfield code="b">BNPHU</subfield>
    <subfield code="d">2025-01-23</subfield>
    <subfield code="h">N&#xFA;mero 31, A&#xF1;o 6</subfield>
    <subfield code="l">0</subfield>
    <subfield code="p">2025-0322</subfield>
    <subfield code="r">2025-01-23</subfield>
    <subfield code="t">e.1</subfield>
    <subfield code="w">2025-01-23</subfield>
    <subfield code="y">ISSUE</subfield>
  </datafield>
  <datafield tag="952" ind1=" " ind2=" ">
    <subfield code="0">0</subfield>
    <subfield code="1">0</subfield>
    <subfield code="2">ddc</subfield>
    <subfield code="4">0</subfield>
    <subfield code="5">6</subfield>
    <subfield code="7">0</subfield>
    <subfield code="8">SE</subfield>
    <subfield code="a">BNPHU</subfield>
    <subfield code="b">BNPHU</subfield>
    <subfield code="d">2025-01-23</subfield>
    <subfield code="h">N&#xFA;mero 31, A&#xF1;o 6</subfield>
    <subfield code="l">0</subfield>
    <subfield code="p">2025-0323</subfield>
    <subfield code="r">2025-01-23</subfield>
    <subfield code="t">e.2</subfield>
    <subfield code="w">2025-01-23</subfield>
    <subfield code="y">ISSUE</subfield>
  </datafield>
  <datafield tag="952" ind1=" " ind2=" ">
    <subfield code="0">0</subfield>
    <subfield code="1">0</subfield>
    <subfield code="2">ddc</subfield>
    <subfield code="4">0</subfield>
    <subfield code="5">6</subfield>
    <subfield code="7">0</subfield>
    <subfield code="8">SE</subfield>
    <subfield code="a">BNPHU</subfield>
    <subfield code="b">BNPHU</subfield>
    <subfield code="d">2025-01-23</subfield>
    <subfield code="h">N&#xFA;mero 31, A&#xF1;o 6</subfield>
    <subfield code="l">0</subfield>
    <subfield code="p">2025-0324</subfield>
    <subfield code="r">2025-01-23</subfield>
    <subfield code="t">e.3</subfield>
    <subfield code="w">2025-01-23</subfield>
    <subfield code="y">ISSUE</subfield>
  </datafield>
  <datafield tag="952" ind1=" " ind2=" ">
    <subfield code="0">0</subfield>
    <subfield code="1">0</subfield>
    <subfield code="2">ddc</subfield>
    <subfield code="4">0</subfield>
    <subfield code="5">6</subfield>
    <subfield code="7">0</subfield>
    <subfield code="8">SE</subfield>
    <subfield code="a">BNPHU</subfield>
    <subfield code="b">BNPHU</subfield>
    <subfield code="d">2025-01-23</subfield>
    <subfield code="h">N&#xFA;mero 33, A&#xF1;o 6</subfield>
    <subfield code="l">0</subfield>
    <subfield code="p">2025-0325</subfield>
    <subfield code="r">2025-01-23</subfield>
    <subfield code="t">e.1</subfield>
    <subfield code="w">2025-01-23</subfield>
    <subfield code="y">ISSUE</subfield>
  </datafield>
  <datafield tag="952" ind1=" " ind2=" ">
    <subfield code="0">0</subfield>
    <subfield code="1">0</subfield>
    <subfield code="2">ddc</subfield>
    <subfield code="4">0</subfield>
    <subfield code="5">6</subfield>
    <subfield code="7">0</subfield>
    <subfield code="8">SE</subfield>
    <subfield code="a">BNPHU</subfield>
    <subfield code="b">BNPHU</subfield>
    <subfield code="d">2025-01-23</subfield>
    <subfield code="h">N&#xFA;mero 34, A&#xF1;o 6</subfield>
    <subfield code="l">0</subfield>
    <subfield code="p">2025-0326</subfield>
    <subfield code="r">2025-01-23</subfield>
    <subfield code="t">e.1</subfield>
    <subfield code="w">2025-01-23</subfield>
    <subfield code="y">ISSUE</subfield>
  </datafield>
  <datafield tag="952" ind1=" " ind2=" ">
    <subfield code="0">0</subfield>
    <subfield code="1">0</subfield>
    <subfield code="2">ddc</subfield>
    <subfield code="4">0</subfield>
    <subfield code="5">6</subfield>
    <subfield code="7">0</subfield>
    <subfield code="8">SE</subfield>
    <subfield code="a">BNPHU</subfield>
    <subfield code="b">BNPHU</subfield>
    <subfield code="d">2025-01-23</subfield>
    <subfield code="h">N&#xFA;mero 34, A&#xF1;o 6</subfield>
    <subfield code="l">0</subfield>
    <subfield code="p">2025-0328</subfield>
    <subfield code="r">2025-01-23</subfield>
    <subfield code="t">e.2</subfield>
    <subfield code="w">2025-01-23</subfield>
    <subfield code="y">ISSUE</subfield>
  </datafield>
  <datafield tag="952" ind1=" " ind2=" ">
    <subfield code="0">0</subfield>
    <subfield code="1">0</subfield>
    <subfield code="2">ddc</subfield>
    <subfield code="4">0</subfield>
    <subfield code="5">6</subfield>
    <subfield code="7">0</subfield>
    <subfield code="8">SE</subfield>
    <subfield code="a">BNPHU</subfield>
    <subfield code="b">BNPHU</subfield>
    <subfield code="d">2025-01-23</subfield>
    <subfield code="h">N&#xFA;mero 35, A&#xF1;o 6</subfield>
    <subfield code="l">0</subfield>
    <subfield code="p">2025-0329</subfield>
    <subfield code="r">2025-01-23</subfield>
    <subfield code="t">e.1</subfield>
    <subfield code="w">2025-01-23</subfield>
    <subfield code="y">ISSUE</subfield>
  </datafield>
  <datafield tag="952" ind1=" " ind2=" ">
    <subfield code="0">0</subfield>
    <subfield code="1">0</subfield>
    <subfield code="2">ddc</subfield>
    <subfield code="4">0</subfield>
    <subfield code="5">6</subfield>
    <subfield code="7">0</subfield>
    <subfield code="8">SE</subfield>
    <subfield code="a">BNPHU</subfield>
    <subfield code="b">BNPHU</subfield>
    <subfield code="d">2025-01-23</subfield>
    <subfield code="h">N&#xFA;mero 35, A&#xF1;o 6</subfield>
    <subfield code="l">0</subfield>
    <subfield code="p">2025-0330</subfield>
    <subfield code="r">2025-01-23</subfield>
    <subfield code="t">e.2</subfield>
    <subfield code="w">2025-01-23</subfield>
    <subfield code="y">ISSUE</subfield>
  </datafield>
  <datafield tag="952" ind1=" " ind2=" ">
    <subfield code="0">0</subfield>
    <subfield code="1">0</subfield>
    <subfield code="2">ddc</subfield>
    <subfield code="4">0</subfield>
    <subfield code="5">6</subfield>
    <subfield code="7">0</subfield>
    <subfield code="8">SE</subfield>
    <subfield code="a">BNPHU</subfield>
    <subfield code="b">BNPHU</subfield>
    <subfield code="d">2025-01-23</subfield>
    <subfield code="h">N&#xFA;mero 36, A&#xF1;o 6</subfield>
    <subfield code="l">0</subfield>
    <subfield code="p">2025-0331</subfield>
    <subfield code="r">2025-01-23</subfield>
    <subfield code="t">e.1</subfield>
    <subfield code="w">2025-01-23</subfield>
    <subfield code="y">ISSUE</subfield>
  </datafield>
  <datafield tag="952" ind1=" " ind2=" ">
    <subfield code="0">0</subfield>
    <subfield code="1">0</subfield>
    <subfield code="2">ddc</subfield>
    <subfield code="4">0</subfield>
    <subfield code="5">6</subfield>
    <subfield code="7">0</subfield>
    <subfield code="8">SE</subfield>
    <subfield code="a">BNPHU</subfield>
    <subfield code="b">BNPHU</subfield>
    <subfield code="d">2025-01-23</subfield>
    <subfield code="h">N&#xFA;mero 38, A&#xF1;o 6</subfield>
    <subfield code="l">0</subfield>
    <subfield code="p">2025-0332</subfield>
    <subfield code="r">2025-01-23</subfield>
    <subfield code="t">e.1</subfield>
    <subfield code="w">2025-01-23</subfield>
    <subfield code="y">ISSUE</subfield>
  </datafield>
  <datafield tag="952" ind1=" " ind2=" ">
    <subfield code="0">0</subfield>
    <subfield code="1">0</subfield>
    <subfield code="2">ddc</subfield>
    <subfield code="4">0</subfield>
    <subfield code="5">6</subfield>
    <subfield code="7">0</subfield>
    <subfield code="8">SE</subfield>
    <subfield code="a">BNPHU</subfield>
    <subfield code="b">BNPHU</subfield>
    <subfield code="d">2025-01-23</subfield>
    <subfield code="h">N&#xFA;mero 38, A&#xF1;o 6</subfield>
    <subfield code="l">0</subfield>
    <subfield code="p">2025-0333</subfield>
    <subfield code="r">2025-01-23</subfield>
    <subfield code="t">e.2</subfield>
    <subfield code="w">2025-01-23</subfield>
    <subfield code="y">ISSUE</subfield>
  </datafield>
  <datafield tag="952" ind1=" " ind2=" ">
    <subfield code="0">0</subfield>
    <subfield code="1">0</subfield>
    <subfield code="2">ddc</subfield>
    <subfield code="4">0</subfield>
    <subfield code="5">6</subfield>
    <subfield code="7">0</subfield>
    <subfield code="8">SE</subfield>
    <subfield code="a">BNPHU</subfield>
    <subfield code="b">BNPHU</subfield>
    <subfield code="d">2025-01-23</subfield>
    <subfield code="h">N&#xFA;mero 38, A&#xF1;o 6</subfield>
    <subfield code="l">0</subfield>
    <subfield code="p">2025-0334</subfield>
    <subfield code="r">2025-01-23</subfield>
    <subfield code="t">e.3</subfield>
    <subfield code="w">2025-01-23</subfield>
    <subfield code="y">ISSUE</subfield>
  </datafield>
  <datafield tag="952" ind1=" " ind2=" ">
    <subfield code="0">0</subfield>
    <subfield code="1">0</subfield>
    <subfield code="2">ddc</subfield>
    <subfield code="4">0</subfield>
    <subfield code="5">6</subfield>
    <subfield code="7">0</subfield>
    <subfield code="8">SE</subfield>
    <subfield code="a">BNPHU</subfield>
    <subfield code="b">BNPHU</subfield>
    <subfield code="d">2025-01-23</subfield>
    <subfield code="h">N&#xFA;mero 39, A&#xF1;o 6</subfield>
    <subfield code="l">0</subfield>
    <subfield code="p">2025-0335</subfield>
    <subfield code="r">2025-01-23</subfield>
    <subfield code="t">e.1</subfield>
    <subfield code="w">2025-01-23</subfield>
    <subfield code="y">ISSUE</subfield>
  </datafield>
  <datafield tag="952" ind1=" " ind2=" ">
    <subfield code="0">0</subfield>
    <subfield code="1">0</subfield>
    <subfield code="2">ddc</subfield>
    <subfield code="4">0</subfield>
    <subfield code="5">6</subfield>
    <subfield code="7">0</subfield>
    <subfield code="8">SE</subfield>
    <subfield code="a">BNPHU</subfield>
    <subfield code="b">BNPHU</subfield>
    <subfield code="d">2025-01-23</subfield>
    <subfield code="h">N&#xFA;mero 39, A&#xF1;o 6</subfield>
    <subfield code="l">0</subfield>
    <subfield code="p">2025-0336</subfield>
    <subfield code="r">2025-01-23</subfield>
    <subfield code="t">e.2</subfield>
    <subfield code="w">2025-01-23</subfield>
    <subfield code="y">ISSUE</subfield>
  </datafield>
  <datafield tag="952" ind1=" " ind2=" ">
    <subfield code="0">0</subfield>
    <subfield code="1">0</subfield>
    <subfield code="2">ddc</subfield>
    <subfield code="4">0</subfield>
    <subfield code="5">6</subfield>
    <subfield code="7">0</subfield>
    <subfield code="8">SE</subfield>
    <subfield code="a">BNPHU</subfield>
    <subfield code="b">BNPHU</subfield>
    <subfield code="d">2025-01-23</subfield>
    <subfield code="h">N&#xFA;mero 39, A&#xF1;o 6</subfield>
    <subfield code="l">0</subfield>
    <subfield code="p">2025-0337</subfield>
    <subfield code="r">2025-01-23</subfield>
    <subfield code="t">e.3</subfield>
    <subfield code="w">2025-01-23</subfield>
    <subfield code="y">ISSUE</subfield>
  </datafield>
  <datafield tag="952" ind1=" " ind2=" ">
    <subfield code="0">0</subfield>
    <subfield code="1">0</subfield>
    <subfield code="2">ddc</subfield>
    <subfield code="4">0</subfield>
    <subfield code="5">6</subfield>
    <subfield code="7">0</subfield>
    <subfield code="8">SE</subfield>
    <subfield code="a">BNPHU</subfield>
    <subfield code="b">BNPHU</subfield>
    <subfield code="d">2025-01-23</subfield>
    <subfield code="h">N&#xFA;mero 40, A&#xF1;o 6</subfield>
    <subfield code="l">0</subfield>
    <subfield code="p">2025-0338</subfield>
    <subfield code="r">2025-01-23</subfield>
    <subfield code="t">e.1</subfield>
    <subfield code="w">2025-01-23</subfield>
    <subfield code="y">ISSUE</subfield>
  </datafield>
  <datafield tag="952" ind1=" " ind2=" ">
    <subfield code="0">0</subfield>
    <subfield code="1">0</subfield>
    <subfield code="2">ddc</subfield>
    <subfield code="4">0</subfield>
    <subfield code="5">6</subfield>
    <subfield code="7">0</subfield>
    <subfield code="8">SE</subfield>
    <subfield code="a">BNPHU</subfield>
    <subfield code="b">BNPHU</subfield>
    <subfield code="d">2025-01-23</subfield>
    <subfield code="h">N&#xFA;mero 40, A&#xF1;o 6</subfield>
    <subfield code="l">0</subfield>
    <subfield code="p">2025-0339</subfield>
    <subfield code="r">2025-01-23</subfield>
    <subfield code="t">e.2</subfield>
    <subfield code="w">2025-01-23</subfield>
    <subfield code="y">ISSUE</subfield>
  </datafield>
  <datafield tag="952" ind1=" " ind2=" ">
    <subfield code="0">0</subfield>
    <subfield code="1">0</subfield>
    <subfield code="2">ddc</subfield>
    <subfield code="4">0</subfield>
    <subfield code="5">6</subfield>
    <subfield code="7">0</subfield>
    <subfield code="8">SE</subfield>
    <subfield code="a">BNPHU</subfield>
    <subfield code="b">BNPHU</subfield>
    <subfield code="d">2025-01-23</subfield>
    <subfield code="h">N&#xFA;mero 40, A&#xF1;o 6</subfield>
    <subfield code="l">0</subfield>
    <subfield code="p">2025-0340</subfield>
    <subfield code="r">2025-01-23</subfield>
    <subfield code="t">e.3</subfield>
    <subfield code="w">2025-01-23</subfield>
    <subfield code="y">ISSUE</subfield>
  </datafield>
  <datafield tag="952" ind1=" " ind2=" ">
    <subfield code="0">0</subfield>
    <subfield code="1">0</subfield>
    <subfield code="2">ddc</subfield>
    <subfield code="4">0</subfield>
    <subfield code="5">6</subfield>
    <subfield code="7">0</subfield>
    <subfield code="8">SE</subfield>
    <subfield code="a">BNPHU</subfield>
    <subfield code="b">BNPHU</subfield>
    <subfield code="d">2025-01-23</subfield>
    <subfield code="h">N&#xFA;mero 41, A&#xF1;o 6</subfield>
    <subfield code="l">0</subfield>
    <subfield code="p">2025-0341</subfield>
    <subfield code="r">2025-01-23</subfield>
    <subfield code="t">e.1</subfield>
    <subfield code="w">2025-01-23</subfield>
    <subfield code="y">ISSUE</subfield>
  </datafield>
  <datafield tag="952" ind1=" " ind2=" ">
    <subfield code="0">0</subfield>
    <subfield code="1">0</subfield>
    <subfield code="2">ddc</subfield>
    <subfield code="4">0</subfield>
    <subfield code="5">6</subfield>
    <subfield code="7">0</subfield>
    <subfield code="8">SE</subfield>
    <subfield code="a">BNPHU</subfield>
    <subfield code="b">BNPHU</subfield>
    <subfield code="d">2025-01-23</subfield>
    <subfield code="h">N&#xFA;mero 41, A&#xF1;o 6</subfield>
    <subfield code="l">0</subfield>
    <subfield code="p">2025-0342</subfield>
    <subfield code="r">2025-01-23</subfield>
    <subfield code="t">e.2</subfield>
    <subfield code="w">2025-01-23</subfield>
    <subfield code="y">ISSUE</subfield>
  </datafield>
  <datafield tag="952" ind1=" " ind2=" ">
    <subfield code="0">0</subfield>
    <subfield code="1">0</subfield>
    <subfield code="2">ddc</subfield>
    <subfield code="4">0</subfield>
    <subfield code="5">6</subfield>
    <subfield code="7">0</subfield>
    <subfield code="8">SE</subfield>
    <subfield code="a">BNPHU</subfield>
    <subfield code="b">BNPHU</subfield>
    <subfield code="d">2025-01-23</subfield>
    <subfield code="h">N&#xFA;mero 42, A&#xF1;o 6</subfield>
    <subfield code="l">0</subfield>
    <subfield code="p">2025-0343</subfield>
    <subfield code="r">2025-01-23</subfield>
    <subfield code="t">e.1</subfield>
    <subfield code="w">2025-01-23</subfield>
    <subfield code="y">ISSUE</subfield>
  </datafield>
  <datafield tag="952" ind1=" " ind2=" ">
    <subfield code="0">0</subfield>
    <subfield code="1">0</subfield>
    <subfield code="2">ddc</subfield>
    <subfield code="4">0</subfield>
    <subfield code="5">6</subfield>
    <subfield code="7">0</subfield>
    <subfield code="8">SE</subfield>
    <subfield code="a">BNPHU</subfield>
    <subfield code="b">BNPHU</subfield>
    <subfield code="d">2025-01-23</subfield>
    <subfield code="h">N&#xFA;mero 43, A&#xF1;o 7</subfield>
    <subfield code="l">0</subfield>
    <subfield code="p">2025-0345</subfield>
    <subfield code="r">2025-01-23</subfield>
    <subfield code="t">e.1</subfield>
    <subfield code="w">2025-01-23</subfield>
    <subfield code="y">ISSUE</subfield>
  </datafield>
  <datafield tag="952" ind1=" " ind2=" ">
    <subfield code="0">0</subfield>
    <subfield code="1">0</subfield>
    <subfield code="2">ddc</subfield>
    <subfield code="4">0</subfield>
    <subfield code="5">6</subfield>
    <subfield code="7">0</subfield>
    <subfield code="8">SE</subfield>
    <subfield code="a">BNPHU</subfield>
    <subfield code="b">BNPHU</subfield>
    <subfield code="d">2025-01-23</subfield>
    <subfield code="h">N&#xFA;mero 43, A&#xF1;o 7</subfield>
    <subfield code="l">0</subfield>
    <subfield code="p">2025-0346</subfield>
    <subfield code="r">2025-01-23</subfield>
    <subfield code="t">e.2</subfield>
    <subfield code="w">2025-01-23</subfield>
    <subfield code="y">ISSUE</subfield>
  </datafield>
  <datafield tag="952" ind1=" " ind2=" ">
    <subfield code="0">0</subfield>
    <subfield code="1">0</subfield>
    <subfield code="2">ddc</subfield>
    <subfield code="4">0</subfield>
    <subfield code="5">6</subfield>
    <subfield code="7">0</subfield>
    <subfield code="8">SE</subfield>
    <subfield code="a">BNPHU</subfield>
    <subfield code="b">BNPHU</subfield>
    <subfield code="d">2025-01-23</subfield>
    <subfield code="h">N&#xFA;mero 43, A&#xF1;o 7</subfield>
    <subfield code="l">0</subfield>
    <subfield code="p">2025-0347</subfield>
    <subfield code="r">2025-01-23</subfield>
    <subfield code="t">e.3</subfield>
    <subfield code="w">2025-01-23</subfield>
    <subfield code="y">ISSUE</subfield>
  </datafield>
  <datafield tag="952" ind1=" " ind2=" ">
    <subfield code="0">0</subfield>
    <subfield code="1">0</subfield>
    <subfield code="2">ddc</subfield>
    <subfield code="4">0</subfield>
    <subfield code="5">6</subfield>
    <subfield code="7">0</subfield>
    <subfield code="8">SE</subfield>
    <subfield code="a">BNPHU</subfield>
    <subfield code="b">BNPHU</subfield>
    <subfield code="d">2025-01-23</subfield>
    <subfield code="h">N&#xFA;mero 44, A&#xF1;o 7</subfield>
    <subfield code="l">0</subfield>
    <subfield code="p">2025-0348</subfield>
    <subfield code="r">2025-01-23</subfield>
    <subfield code="t">e.1</subfield>
    <subfield code="w">2025-01-23</subfield>
    <subfield code="y">ISSUE</subfield>
  </datafield>
  <datafield tag="952" ind1=" " ind2=" ">
    <subfield code="0">0</subfield>
    <subfield code="1">0</subfield>
    <subfield code="2">ddc</subfield>
    <subfield code="4">0</subfield>
    <subfield code="5">6</subfield>
    <subfield code="7">0</subfield>
    <subfield code="8">SE</subfield>
    <subfield code="a">BNPHU</subfield>
    <subfield code="b">BNPHU</subfield>
    <subfield code="d">2025-01-23</subfield>
    <subfield code="h">N&#xFA;mero 45, A&#xF1;o 7</subfield>
    <subfield code="l">0</subfield>
    <subfield code="p">2025-0349</subfield>
    <subfield code="r">2025-01-23</subfield>
    <subfield code="t">e.1</subfield>
    <subfield code="w">2025-01-23</subfield>
    <subfield code="y">ISSUE</subfield>
  </datafield>
  <datafield tag="952" ind1=" " ind2=" ">
    <subfield code="0">0</subfield>
    <subfield code="1">0</subfield>
    <subfield code="2">ddc</subfield>
    <subfield code="4">0</subfield>
    <subfield code="5">6</subfield>
    <subfield code="7">0</subfield>
    <subfield code="8">SE</subfield>
    <subfield code="a">BNPHU</subfield>
    <subfield code="b">BNPHU</subfield>
    <subfield code="d">2025-01-23</subfield>
    <subfield code="h">N&#xFA;mero 45, A&#xF1;o 7</subfield>
    <subfield code="l">0</subfield>
    <subfield code="p">2025-0350</subfield>
    <subfield code="r">2025-01-23</subfield>
    <subfield code="t">e.2</subfield>
    <subfield code="w">2025-01-23</subfield>
    <subfield code="y">ISSUE</subfield>
  </datafield>
  <datafield tag="952" ind1=" " ind2=" ">
    <subfield code="0">0</subfield>
    <subfield code="1">0</subfield>
    <subfield code="2">ddc</subfield>
    <subfield code="4">0</subfield>
    <subfield code="5">6</subfield>
    <subfield code="7">0</subfield>
    <subfield code="8">SE</subfield>
    <subfield code="a">BNPHU</subfield>
    <subfield code="b">BNPHU</subfield>
    <subfield code="d">2025-01-23</subfield>
    <subfield code="h">N&#xFA;mero 45, A&#xF1;o 7</subfield>
    <subfield code="l">0</subfield>
    <subfield code="p">2025-0351</subfield>
    <subfield code="r">2025-01-23</subfield>
    <subfield code="t">e.3</subfield>
    <subfield code="w">2025-01-23</subfield>
    <subfield code="y">ISSUE</subfield>
  </datafield>
  <datafield tag="952" ind1=" " ind2=" ">
    <subfield code="0">0</subfield>
    <subfield code="1">0</subfield>
    <subfield code="2">ddc</subfield>
    <subfield code="4">0</subfield>
    <subfield code="5">6</subfield>
    <subfield code="7">0</subfield>
    <subfield code="8">SE</subfield>
    <subfield code="a">BNPHU</subfield>
    <subfield code="b">BNPHU</subfield>
    <subfield code="d">2025-01-23</subfield>
    <subfield code="h">N&#xFA;mero 46, A&#xF1;o 7</subfield>
    <subfield code="l">0</subfield>
    <subfield code="p">2025-0353</subfield>
    <subfield code="r">2025-01-23</subfield>
    <subfield code="t">e.1</subfield>
    <subfield code="w">2025-01-23</subfield>
    <subfield code="y">ISSUE</subfield>
  </datafield>
  <datafield tag="952" ind1=" " ind2=" ">
    <subfield code="0">0</subfield>
    <subfield code="1">0</subfield>
    <subfield code="2">ddc</subfield>
    <subfield code="4">0</subfield>
    <subfield code="5">6</subfield>
    <subfield code="7">0</subfield>
    <subfield code="8">SE</subfield>
    <subfield code="a">BNPHU</subfield>
    <subfield code="b">BNPHU</subfield>
    <subfield code="d">2025-01-23</subfield>
    <subfield code="h">N&#xFA;mero 46, A&#xF1;o 7</subfield>
    <subfield code="l">0</subfield>
    <subfield code="p">2025-0354</subfield>
    <subfield code="r">2025-01-23</subfield>
    <subfield code="t">e.2</subfield>
    <subfield code="w">2025-01-23</subfield>
    <subfield code="y">ISSUE</subfield>
  </datafield>
  <datafield tag="952" ind1=" " ind2=" ">
    <subfield code="0">0</subfield>
    <subfield code="1">0</subfield>
    <subfield code="2">ddc</subfield>
    <subfield code="4">0</subfield>
    <subfield code="5">6</subfield>
    <subfield code="7">0</subfield>
    <subfield code="8">SE</subfield>
    <subfield code="a">BNPHU</subfield>
    <subfield code="b">BNPHU</subfield>
    <subfield code="d">2025-01-23</subfield>
    <subfield code="h">N&#xFA;mero 46, A&#xF1;o 7</subfield>
    <subfield code="l">0</subfield>
    <subfield code="p">2025-0355</subfield>
    <subfield code="r">2025-01-23</subfield>
    <subfield code="t">e.3</subfield>
    <subfield code="w">2025-01-23</subfield>
    <subfield code="y">ISSUE</subfield>
  </datafield>
  <datafield tag="952" ind1=" " ind2=" ">
    <subfield code="0">0</subfield>
    <subfield code="1">0</subfield>
    <subfield code="2">ddc</subfield>
    <subfield code="4">0</subfield>
    <subfield code="5">6</subfield>
    <subfield code="7">0</subfield>
    <subfield code="8">SE</subfield>
    <subfield code="a">BNPHU</subfield>
    <subfield code="b">BNPHU</subfield>
    <subfield code="d">2025-01-23</subfield>
    <subfield code="h">N&#xFA;mero 47, A&#xF1;o 7</subfield>
    <subfield code="l">0</subfield>
    <subfield code="p">2025-0356</subfield>
    <subfield code="r">2025-01-23</subfield>
    <subfield code="t">e.1</subfield>
    <subfield code="w">2025-01-23</subfield>
    <subfield code="y">ISSUE</subfield>
  </datafield>
  <datafield tag="952" ind1=" " ind2=" ">
    <subfield code="0">0</subfield>
    <subfield code="1">0</subfield>
    <subfield code="2">ddc</subfield>
    <subfield code="4">0</subfield>
    <subfield code="5">6</subfield>
    <subfield code="7">0</subfield>
    <subfield code="8">SE</subfield>
    <subfield code="a">BNPHU</subfield>
    <subfield code="b">BNPHU</subfield>
    <subfield code="d">2025-01-23</subfield>
    <subfield code="h">N&#xFA;mero 47, A&#xF1;o 7</subfield>
    <subfield code="l">0</subfield>
    <subfield code="p">2025-0357</subfield>
    <subfield code="r">2025-01-23</subfield>
    <subfield code="t">e.2</subfield>
    <subfield code="w">2025-01-23</subfield>
    <subfield code="y">ISSUE</subfield>
  </datafield>
  <datafield tag="952" ind1=" " ind2=" ">
    <subfield code="0">0</subfield>
    <subfield code="1">0</subfield>
    <subfield code="2">ddc</subfield>
    <subfield code="4">0</subfield>
    <subfield code="5">6</subfield>
    <subfield code="7">0</subfield>
    <subfield code="8">SE</subfield>
    <subfield code="a">BNPHU</subfield>
    <subfield code="b">BNPHU</subfield>
    <subfield code="d">2025-01-23</subfield>
    <subfield code="h">N&#xFA;mero 47, A&#xF1;o 7</subfield>
    <subfield code="l">0</subfield>
    <subfield code="p">2025-0358</subfield>
    <subfield code="r">2025-01-23</subfield>
    <subfield code="t">e.3</subfield>
    <subfield code="w">2025-01-23</subfield>
    <subfield code="y">ISSUE</subfield>
  </datafield>
  <datafield tag="952" ind1=" " ind2=" ">
    <subfield code="0">0</subfield>
    <subfield code="1">0</subfield>
    <subfield code="2">ddc</subfield>
    <subfield code="4">0</subfield>
    <subfield code="5">6</subfield>
    <subfield code="7">0</subfield>
    <subfield code="8">SE</subfield>
    <subfield code="a">BNPHU</subfield>
    <subfield code="b">BNPHU</subfield>
    <subfield code="d">2025-01-23</subfield>
    <subfield code="h">N&#xFA;mero 48, A&#xF1;o 7</subfield>
    <subfield code="l">0</subfield>
    <subfield code="p">2025-0359</subfield>
    <subfield code="r">2025-01-23</subfield>
    <subfield code="t">e.1</subfield>
    <subfield code="w">2025-01-23</subfield>
    <subfield code="y">ISSUE</subfield>
  </datafield>
  <datafield tag="952" ind1=" " ind2=" ">
    <subfield code="0">0</subfield>
    <subfield code="1">0</subfield>
    <subfield code="2">ddc</subfield>
    <subfield code="4">0</subfield>
    <subfield code="5">6</subfield>
    <subfield code="7">0</subfield>
    <subfield code="8">SE</subfield>
    <subfield code="a">BNPHU</subfield>
    <subfield code="b">BNPHU</subfield>
    <subfield code="d">2025-01-23</subfield>
    <subfield code="h">N&#xFA;mero 48, A&#xF1;o 7</subfield>
    <subfield code="l">0</subfield>
    <subfield code="p">2025-0360</subfield>
    <subfield code="r">2025-01-23</subfield>
    <subfield code="t">e.2</subfield>
    <subfield code="w">2025-01-23</subfield>
    <subfield code="y">ISSUE</subfield>
  </datafield>
  <datafield tag="952" ind1=" " ind2=" ">
    <subfield code="0">0</subfield>
    <subfield code="1">0</subfield>
    <subfield code="2">ddc</subfield>
    <subfield code="4">0</subfield>
    <subfield code="5">6</subfield>
    <subfield code="7">0</subfield>
    <subfield code="8">SE</subfield>
    <subfield code="a">BNPHU</subfield>
    <subfield code="b">BNPHU</subfield>
    <subfield code="d">2025-01-23</subfield>
    <subfield code="h">N&#xFA;mero 48, A&#xF1;o 7</subfield>
    <subfield code="l">0</subfield>
    <subfield code="p">2025-0361</subfield>
    <subfield code="r">2025-01-23</subfield>
    <subfield code="t">e.3</subfield>
    <subfield code="w">2025-01-23</subfield>
    <subfield code="y">ISSUE</subfield>
  </datafield>
  <datafield tag="952" ind1=" " ind2=" ">
    <subfield code="0">0</subfield>
    <subfield code="1">0</subfield>
    <subfield code="2">ddc</subfield>
    <subfield code="4">0</subfield>
    <subfield code="5">6</subfield>
    <subfield code="7">0</subfield>
    <subfield code="8">SE</subfield>
    <subfield code="a">BNPHU</subfield>
    <subfield code="b">BNPHU</subfield>
    <subfield code="d">2025-01-23</subfield>
    <subfield code="h">N&#xFA;mero 49, A&#xF1;o 7</subfield>
    <subfield code="l">0</subfield>
    <subfield code="p">2025-0362</subfield>
    <subfield code="r">2025-01-23</subfield>
    <subfield code="t">e.1</subfield>
    <subfield code="w">2025-01-23</subfield>
    <subfield code="y">ISSUE</subfield>
  </datafield>
  <datafield tag="952" ind1=" " ind2=" ">
    <subfield code="0">0</subfield>
    <subfield code="1">0</subfield>
    <subfield code="2">ddc</subfield>
    <subfield code="4">0</subfield>
    <subfield code="5">6</subfield>
    <subfield code="7">0</subfield>
    <subfield code="8">SE</subfield>
    <subfield code="a">BNPHU</subfield>
    <subfield code="b">BNPHU</subfield>
    <subfield code="d">2025-01-23</subfield>
    <subfield code="h">N&#xFA;mero 49, A&#xF1;o 7</subfield>
    <subfield code="l">0</subfield>
    <subfield code="p">2025-0363</subfield>
    <subfield code="r">2025-01-23</subfield>
    <subfield code="t">e.2</subfield>
    <subfield code="w">2025-01-23</subfield>
    <subfield code="y">ISSUE</subfield>
  </datafield>
  <datafield tag="952" ind1=" " ind2=" ">
    <subfield code="0">0</subfield>
    <subfield code="1">0</subfield>
    <subfield code="2">ddc</subfield>
    <subfield code="4">0</subfield>
    <subfield code="5">6</subfield>
    <subfield code="7">0</subfield>
    <subfield code="8">SE</subfield>
    <subfield code="a">BNPHU</subfield>
    <subfield code="b">BNPHU</subfield>
    <subfield code="d">2025-01-23</subfield>
    <subfield code="h">N&#xFA;mero 49, A&#xF1;o 7</subfield>
    <subfield code="l">0</subfield>
    <subfield code="p">2025-0364</subfield>
    <subfield code="r">2025-01-23</subfield>
    <subfield code="t">e.3</subfield>
    <subfield code="w">2025-01-23</subfield>
    <subfield code="y">ISSUE</subfield>
  </datafield>
  <datafield tag="952" ind1=" " ind2=" ">
    <subfield code="0">0</subfield>
    <subfield code="1">0</subfield>
    <subfield code="2">ddc</subfield>
    <subfield code="4">0</subfield>
    <subfield code="5">6</subfield>
    <subfield code="7">0</subfield>
    <subfield code="8">SE</subfield>
    <subfield code="a">BNPHU</subfield>
    <subfield code="b">BNPHU</subfield>
    <subfield code="d">2025-01-23</subfield>
    <subfield code="h">N&#xFA;mero 50, A&#xF1;o 7</subfield>
    <subfield code="l">0</subfield>
    <subfield code="p">2025-0365</subfield>
    <subfield code="r">2025-01-23</subfield>
    <subfield code="t">e.1</subfield>
    <subfield code="w">2025-01-23</subfield>
    <subfield code="y">ISSUE</subfield>
  </datafield>
  <datafield tag="952" ind1=" " ind2=" ">
    <subfield code="0">0</subfield>
    <subfield code="1">0</subfield>
    <subfield code="2">ddc</subfield>
    <subfield code="4">0</subfield>
    <subfield code="5">6</subfield>
    <subfield code="7">0</subfield>
    <subfield code="8">SE</subfield>
    <subfield code="a">BNPHU</subfield>
    <subfield code="b">BNPHU</subfield>
    <subfield code="d">2025-01-23</subfield>
    <subfield code="h">N&#xFA;mero 50, A&#xF1;o 7</subfield>
    <subfield code="l">0</subfield>
    <subfield code="p">2025-0366</subfield>
    <subfield code="r">2025-01-23</subfield>
    <subfield code="t">e.2</subfield>
    <subfield code="w">2025-01-23</subfield>
    <subfield code="y">ISSUE</subfield>
  </datafield>
  <datafield tag="952" ind1=" " ind2=" ">
    <subfield code="0">0</subfield>
    <subfield code="1">0</subfield>
    <subfield code="2">ddc</subfield>
    <subfield code="4">0</subfield>
    <subfield code="5">6</subfield>
    <subfield code="7">0</subfield>
    <subfield code="8">SE</subfield>
    <subfield code="a">BNPHU</subfield>
    <subfield code="b">BNPHU</subfield>
    <subfield code="d">2025-01-23</subfield>
    <subfield code="h">N&#xFA;mero 50, A&#xF1;o 7</subfield>
    <subfield code="l">0</subfield>
    <subfield code="p">2025-0367</subfield>
    <subfield code="r">2025-01-23</subfield>
    <subfield code="t">e.3</subfield>
    <subfield code="w">2025-01-23</subfield>
    <subfield code="y">ISSUE</subfield>
  </datafield>
  <datafield tag="952" ind1=" " ind2=" ">
    <subfield code="0">0</subfield>
    <subfield code="1">0</subfield>
    <subfield code="2">ddc</subfield>
    <subfield code="4">0</subfield>
    <subfield code="5">6</subfield>
    <subfield code="7">0</subfield>
    <subfield code="8">SE</subfield>
    <subfield code="a">BNPHU</subfield>
    <subfield code="b">BNPHU</subfield>
    <subfield code="d">2025-01-23</subfield>
    <subfield code="h">N&#xFA;mero 51, A&#xF1;o 7</subfield>
    <subfield code="l">0</subfield>
    <subfield code="p">2025-0369</subfield>
    <subfield code="r">2025-01-23</subfield>
    <subfield code="t">e.1</subfield>
    <subfield code="w">2025-01-23</subfield>
    <subfield code="y">ISSUE</subfield>
  </datafield>
  <datafield tag="952" ind1=" " ind2=" ">
    <subfield code="0">0</subfield>
    <subfield code="1">0</subfield>
    <subfield code="2">ddc</subfield>
    <subfield code="4">0</subfield>
    <subfield code="5">6</subfield>
    <subfield code="7">0</subfield>
    <subfield code="8">SE</subfield>
    <subfield code="a">BNPHU</subfield>
    <subfield code="b">BNPHU</subfield>
    <subfield code="d">2025-01-23</subfield>
    <subfield code="h">N&#xFA;mero 51, A&#xF1;o 7</subfield>
    <subfield code="l">0</subfield>
    <subfield code="p">2025-0370</subfield>
    <subfield code="r">2025-01-23</subfield>
    <subfield code="t">e.2</subfield>
    <subfield code="w">2025-01-23</subfield>
    <subfield code="y">ISSUE</subfield>
  </datafield>
  <datafield tag="952" ind1=" " ind2=" ">
    <subfield code="0">0</subfield>
    <subfield code="1">0</subfield>
    <subfield code="2">ddc</subfield>
    <subfield code="4">0</subfield>
    <subfield code="5">6</subfield>
    <subfield code="7">0</subfield>
    <subfield code="8">SE</subfield>
    <subfield code="a">BNPHU</subfield>
    <subfield code="b">BNPHU</subfield>
    <subfield code="d">2025-01-23</subfield>
    <subfield code="h">N&#xFA;mero 51, A&#xF1;o 7</subfield>
    <subfield code="l">0</subfield>
    <subfield code="p">2025-0371</subfield>
    <subfield code="r">2025-01-23</subfield>
    <subfield code="t">e.3</subfield>
    <subfield code="w">2025-01-23</subfield>
    <subfield code="y">ISSUE</subfield>
  </datafield>
  <datafield tag="952" ind1=" " ind2=" ">
    <subfield code="0">0</subfield>
    <subfield code="1">0</subfield>
    <subfield code="2">ddc</subfield>
    <subfield code="4">0</subfield>
    <subfield code="5">6</subfield>
    <subfield code="7">0</subfield>
    <subfield code="8">SE</subfield>
    <subfield code="a">BNPHU</subfield>
    <subfield code="b">BNPHU</subfield>
    <subfield code="d">2025-01-23</subfield>
    <subfield code="h">N&#xFA;mero 52, A&#xF1;o 7</subfield>
    <subfield code="l">0</subfield>
    <subfield code="p">2025-0372</subfield>
    <subfield code="r">2025-01-23</subfield>
    <subfield code="t">e.1</subfield>
    <subfield code="w">2025-01-23</subfield>
    <subfield code="y">ISSUE</subfield>
  </datafield>
  <datafield tag="952" ind1=" " ind2=" ">
    <subfield code="0">0</subfield>
    <subfield code="1">0</subfield>
    <subfield code="2">ddc</subfield>
    <subfield code="4">0</subfield>
    <subfield code="5">6</subfield>
    <subfield code="7">0</subfield>
    <subfield code="8">SE</subfield>
    <subfield code="a">BNPHU</subfield>
    <subfield code="b">BNPHU</subfield>
    <subfield code="d">2025-01-23</subfield>
    <subfield code="h">N&#xFA;mero 52, A&#xF1;o 7</subfield>
    <subfield code="l">0</subfield>
    <subfield code="p">2025-0373</subfield>
    <subfield code="r">2025-01-23</subfield>
    <subfield code="t">e.2</subfield>
    <subfield code="w">2025-01-23</subfield>
    <subfield code="y">ISSUE</subfield>
  </datafield>
  <datafield tag="952" ind1=" " ind2=" ">
    <subfield code="0">0</subfield>
    <subfield code="1">0</subfield>
    <subfield code="2">ddc</subfield>
    <subfield code="4">0</subfield>
    <subfield code="5">6</subfield>
    <subfield code="7">0</subfield>
    <subfield code="8">SE</subfield>
    <subfield code="a">BNPHU</subfield>
    <subfield code="b">BNPHU</subfield>
    <subfield code="d">2025-01-23</subfield>
    <subfield code="h">N&#xFA;mero 52, A&#xF1;o 7</subfield>
    <subfield code="l">0</subfield>
    <subfield code="p">2025-0374</subfield>
    <subfield code="r">2025-01-23</subfield>
    <subfield code="t">e.3</subfield>
    <subfield code="w">2025-01-23</subfield>
    <subfield code="y">ISSUE</subfield>
  </datafield>
  <datafield tag="952" ind1=" " ind2=" ">
    <subfield code="0">0</subfield>
    <subfield code="1">0</subfield>
    <subfield code="2">ddc</subfield>
    <subfield code="4">0</subfield>
    <subfield code="5">6</subfield>
    <subfield code="7">0</subfield>
    <subfield code="8">SE</subfield>
    <subfield code="a">BNPHU</subfield>
    <subfield code="b">BNPHU</subfield>
    <subfield code="d">2025-01-23</subfield>
    <subfield code="h">N&#xFA;mero 53, A&#xF1;o 7</subfield>
    <subfield code="l">0</subfield>
    <subfield code="p">2025-0375</subfield>
    <subfield code="r">2025-01-23</subfield>
    <subfield code="t">e.1</subfield>
    <subfield code="w">2025-01-23</subfield>
    <subfield code="y">ISSUE</subfield>
  </datafield>
  <datafield tag="952" ind1=" " ind2=" ">
    <subfield code="0">0</subfield>
    <subfield code="1">0</subfield>
    <subfield code="2">ddc</subfield>
    <subfield code="4">0</subfield>
    <subfield code="5">6</subfield>
    <subfield code="7">0</subfield>
    <subfield code="8">SE</subfield>
    <subfield code="a">BNPHU</subfield>
    <subfield code="b">BNPHU</subfield>
    <subfield code="d">2025-01-23</subfield>
    <subfield code="h">N&#xFA;mero 53, A&#xF1;o 7</subfield>
    <subfield code="l">0</subfield>
    <subfield code="p">2025-0376</subfield>
    <subfield code="r">2025-01-23</subfield>
    <subfield code="t">e.2</subfield>
    <subfield code="w">2025-01-23</subfield>
    <subfield code="y">ISSUE</subfield>
  </datafield>
  <datafield tag="952" ind1=" " ind2=" ">
    <subfield code="0">0</subfield>
    <subfield code="1">0</subfield>
    <subfield code="2">ddc</subfield>
    <subfield code="4">0</subfield>
    <subfield code="5">6</subfield>
    <subfield code="7">0</subfield>
    <subfield code="8">SE</subfield>
    <subfield code="a">BNPHU</subfield>
    <subfield code="b">BNPHU</subfield>
    <subfield code="d">2025-01-23</subfield>
    <subfield code="h">N&#xFA;mero 53, A&#xF1;o 7</subfield>
    <subfield code="l">0</subfield>
    <subfield code="p">2025-0377</subfield>
    <subfield code="r">2025-01-23</subfield>
    <subfield code="t">e.3</subfield>
    <subfield code="w">2025-01-23</subfield>
    <subfield code="y">ISSUE</subfield>
  </datafield>
  <datafield tag="952" ind1=" " ind2=" ">
    <subfield code="0">0</subfield>
    <subfield code="1">0</subfield>
    <subfield code="2">ddc</subfield>
    <subfield code="4">0</subfield>
    <subfield code="5">6</subfield>
    <subfield code="7">0</subfield>
    <subfield code="8">SE</subfield>
    <subfield code="a">BNPHU</subfield>
    <subfield code="b">BNPHU</subfield>
    <subfield code="d">2025-01-23</subfield>
    <subfield code="h">N&#xFA;mero 54, A&#xF1;o 7</subfield>
    <subfield code="l">0</subfield>
    <subfield code="p">2025-0378</subfield>
    <subfield code="r">2025-01-23</subfield>
    <subfield code="t">e.1</subfield>
    <subfield code="w">2025-01-23</subfield>
    <subfield code="y">ISSUE</subfield>
  </datafield>
  <datafield tag="952" ind1=" " ind2=" ">
    <subfield code="0">0</subfield>
    <subfield code="1">0</subfield>
    <subfield code="2">ddc</subfield>
    <subfield code="4">0</subfield>
    <subfield code="5">6</subfield>
    <subfield code="7">0</subfield>
    <subfield code="8">SE</subfield>
    <subfield code="a">BNPHU</subfield>
    <subfield code="b">BNPHU</subfield>
    <subfield code="d">2025-01-23</subfield>
    <subfield code="h">N&#xFA;mero 54, A&#xF1;o 7</subfield>
    <subfield code="l">0</subfield>
    <subfield code="p">2025-0379</subfield>
    <subfield code="r">2025-01-23</subfield>
    <subfield code="t">e.2</subfield>
    <subfield code="w">2025-01-23</subfield>
    <subfield code="y">ISSUE</subfield>
  </datafield>
  <datafield tag="952" ind1=" " ind2=" ">
    <subfield code="0">0</subfield>
    <subfield code="1">0</subfield>
    <subfield code="2">ddc</subfield>
    <subfield code="4">0</subfield>
    <subfield code="5">6</subfield>
    <subfield code="7">0</subfield>
    <subfield code="8">SE</subfield>
    <subfield code="a">BNPHU</subfield>
    <subfield code="b">BNPHU</subfield>
    <subfield code="d">2025-01-23</subfield>
    <subfield code="h">N&#xFA;mero 54, A&#xF1;o 7</subfield>
    <subfield code="l">0</subfield>
    <subfield code="p">2025-0380</subfield>
    <subfield code="r">2025-01-23</subfield>
    <subfield code="t">e.3</subfield>
    <subfield code="w">2025-01-23</subfield>
    <subfield code="y">ISSUE</subfield>
  </datafield>
  <datafield tag="952" ind1=" " ind2=" ">
    <subfield code="0">0</subfield>
    <subfield code="1">0</subfield>
    <subfield code="2">ddc</subfield>
    <subfield code="4">0</subfield>
    <subfield code="5">6</subfield>
    <subfield code="7">0</subfield>
    <subfield code="8">SE</subfield>
    <subfield code="a">BNPHU</subfield>
    <subfield code="b">BNPHU</subfield>
    <subfield code="d">2025-01-23</subfield>
    <subfield code="h">N&#xFA;mero 55, A&#xF1;o 8</subfield>
    <subfield code="l">0</subfield>
    <subfield code="p">2025-0381</subfield>
    <subfield code="r">2025-01-23</subfield>
    <subfield code="t">e.1</subfield>
    <subfield code="w">2025-01-23</subfield>
    <subfield code="y">ISSUE</subfield>
  </datafield>
  <datafield tag="952" ind1=" " ind2=" ">
    <subfield code="0">0</subfield>
    <subfield code="1">0</subfield>
    <subfield code="2">ddc</subfield>
    <subfield code="4">0</subfield>
    <subfield code="5">6</subfield>
    <subfield code="7">0</subfield>
    <subfield code="8">SE</subfield>
    <subfield code="a">BNPHU</subfield>
    <subfield code="b">BNPHU</subfield>
    <subfield code="d">2025-01-23</subfield>
    <subfield code="h">N&#xFA;mero 55, A&#xF1;o 8</subfield>
    <subfield code="l">0</subfield>
    <subfield code="p">2025-0382</subfield>
    <subfield code="r">2025-01-23</subfield>
    <subfield code="t">e.2</subfield>
    <subfield code="w">2025-01-23</subfield>
    <subfield code="y">ISSUE</subfield>
  </datafield>
  <datafield tag="952" ind1=" " ind2=" ">
    <subfield code="0">0</subfield>
    <subfield code="1">0</subfield>
    <subfield code="2">ddc</subfield>
    <subfield code="4">0</subfield>
    <subfield code="5">6</subfield>
    <subfield code="7">0</subfield>
    <subfield code="8">SE</subfield>
    <subfield code="a">BNPHU</subfield>
    <subfield code="b">BNPHU</subfield>
    <subfield code="d">2025-01-23</subfield>
    <subfield code="h">N&#xFA;mero 56, A&#xF1;o 8</subfield>
    <subfield code="l">0</subfield>
    <subfield code="p">2025-0383</subfield>
    <subfield code="r">2025-01-23</subfield>
    <subfield code="t">e.1</subfield>
    <subfield code="w">2025-01-23</subfield>
    <subfield code="y">ISSUE</subfield>
  </datafield>
  <datafield tag="952" ind1=" " ind2=" ">
    <subfield code="0">0</subfield>
    <subfield code="1">0</subfield>
    <subfield code="2">ddc</subfield>
    <subfield code="4">0</subfield>
    <subfield code="5">6</subfield>
    <subfield code="7">0</subfield>
    <subfield code="8">SE</subfield>
    <subfield code="a">BNPHU</subfield>
    <subfield code="b">BNPHU</subfield>
    <subfield code="d">2025-01-23</subfield>
    <subfield code="h">N&#xFA;mero 56, A&#xF1;o 8</subfield>
    <subfield code="l">0</subfield>
    <subfield code="p">2025-0384</subfield>
    <subfield code="r">2025-01-23</subfield>
    <subfield code="t">e.2</subfield>
    <subfield code="w">2025-01-23</subfield>
    <subfield code="y">ISSUE</subfield>
  </datafield>
  <datafield tag="952" ind1=" " ind2=" ">
    <subfield code="0">0</subfield>
    <subfield code="1">0</subfield>
    <subfield code="2">ddc</subfield>
    <subfield code="4">0</subfield>
    <subfield code="5">6</subfield>
    <subfield code="7">0</subfield>
    <subfield code="8">SE</subfield>
    <subfield code="a">BNPHU</subfield>
    <subfield code="b">BNPHU</subfield>
    <subfield code="d">2025-01-23</subfield>
    <subfield code="h">N&#xFA;mero 56, A&#xF1;o 8</subfield>
    <subfield code="l">0</subfield>
    <subfield code="p">2025-0385</subfield>
    <subfield code="r">2025-01-23</subfield>
    <subfield code="t">e.3</subfield>
    <subfield code="w">2025-01-23</subfield>
    <subfield code="y">ISSUE</subfield>
  </datafield>
  <datafield tag="952" ind1=" " ind2=" ">
    <subfield code="0">0</subfield>
    <subfield code="1">0</subfield>
    <subfield code="2">ddc</subfield>
    <subfield code="4">0</subfield>
    <subfield code="5">6</subfield>
    <subfield code="7">0</subfield>
    <subfield code="8">SE</subfield>
    <subfield code="a">BNPHU</subfield>
    <subfield code="b">BNPHU</subfield>
    <subfield code="d">2025-01-23</subfield>
    <subfield code="h">N&#xFA;mero 57, A&#xF1;o 8</subfield>
    <subfield code="l">0</subfield>
    <subfield code="p">2025-0386</subfield>
    <subfield code="r">2025-01-23</subfield>
    <subfield code="t">e.1</subfield>
    <subfield code="w">2025-01-23</subfield>
    <subfield code="y">ISSUE</subfield>
  </datafield>
  <datafield tag="952" ind1=" " ind2=" ">
    <subfield code="0">0</subfield>
    <subfield code="1">0</subfield>
    <subfield code="2">ddc</subfield>
    <subfield code="4">0</subfield>
    <subfield code="5">6</subfield>
    <subfield code="7">0</subfield>
    <subfield code="8">SE</subfield>
    <subfield code="a">BNPHU</subfield>
    <subfield code="b">BNPHU</subfield>
    <subfield code="d">2025-01-23</subfield>
    <subfield code="h">N&#xFA;mero 57, A&#xF1;o 8</subfield>
    <subfield code="l">0</subfield>
    <subfield code="p">2025-0387</subfield>
    <subfield code="r">2025-01-23</subfield>
    <subfield code="t">e.2</subfield>
    <subfield code="w">2025-01-23</subfield>
    <subfield code="y">ISSUE</subfield>
  </datafield>
  <datafield tag="952" ind1=" " ind2=" ">
    <subfield code="0">0</subfield>
    <subfield code="1">0</subfield>
    <subfield code="2">ddc</subfield>
    <subfield code="4">0</subfield>
    <subfield code="5">6</subfield>
    <subfield code="7">0</subfield>
    <subfield code="8">SE</subfield>
    <subfield code="a">BNPHU</subfield>
    <subfield code="b">BNPHU</subfield>
    <subfield code="d">2025-01-23</subfield>
    <subfield code="h">N&#xFA;mero 57, A&#xF1;o 8</subfield>
    <subfield code="l">0</subfield>
    <subfield code="p">2025-0388</subfield>
    <subfield code="r">2025-01-23</subfield>
    <subfield code="t">e.3</subfield>
    <subfield code="w">2025-01-23</subfield>
    <subfield code="y">ISSUE</subfield>
  </datafield>
  <datafield tag="952" ind1=" " ind2=" ">
    <subfield code="0">0</subfield>
    <subfield code="1">0</subfield>
    <subfield code="2">ddc</subfield>
    <subfield code="4">0</subfield>
    <subfield code="5">6</subfield>
    <subfield code="7">0</subfield>
    <subfield code="8">SE</subfield>
    <subfield code="a">BNPHU</subfield>
    <subfield code="b">BNPHU</subfield>
    <subfield code="d">2025-01-23</subfield>
    <subfield code="h">N&#xFA;mero 58, A&#xF1;o 8</subfield>
    <subfield code="l">0</subfield>
    <subfield code="p">2025-0389</subfield>
    <subfield code="r">2025-01-23</subfield>
    <subfield code="t">e.1</subfield>
    <subfield code="w">2025-01-23</subfield>
    <subfield code="y">ISSUE</subfield>
  </datafield>
  <datafield tag="952" ind1=" " ind2=" ">
    <subfield code="0">0</subfield>
    <subfield code="1">0</subfield>
    <subfield code="2">ddc</subfield>
    <subfield code="4">0</subfield>
    <subfield code="5">6</subfield>
    <subfield code="7">0</subfield>
    <subfield code="8">SE</subfield>
    <subfield code="a">BNPHU</subfield>
    <subfield code="b">BNPHU</subfield>
    <subfield code="d">2025-01-23</subfield>
    <subfield code="h">N&#xFA;mero 58, A&#xF1;o 8</subfield>
    <subfield code="l">0</subfield>
    <subfield code="p">2025-0390</subfield>
    <subfield code="r">2025-01-23</subfield>
    <subfield code="t">e.2</subfield>
    <subfield code="w">2025-01-23</subfield>
    <subfield code="y">ISSUE</subfield>
  </datafield>
  <datafield tag="952" ind1=" " ind2=" ">
    <subfield code="0">0</subfield>
    <subfield code="1">0</subfield>
    <subfield code="2">ddc</subfield>
    <subfield code="4">0</subfield>
    <subfield code="5">6</subfield>
    <subfield code="7">0</subfield>
    <subfield code="8">SE</subfield>
    <subfield code="a">BNPHU</subfield>
    <subfield code="b">BNPHU</subfield>
    <subfield code="d">2025-01-23</subfield>
    <subfield code="h">N&#xFA;mero 58, A&#xF1;o 8</subfield>
    <subfield code="l">0</subfield>
    <subfield code="p">2025-0391</subfield>
    <subfield code="r">2025-01-23</subfield>
    <subfield code="t">e.3</subfield>
    <subfield code="w">2025-01-23</subfield>
    <subfield code="y">ISSUE</subfield>
  </datafield>
  <datafield tag="952" ind1=" " ind2=" ">
    <subfield code="0">0</subfield>
    <subfield code="1">0</subfield>
    <subfield code="2">ddc</subfield>
    <subfield code="4">0</subfield>
    <subfield code="5">6</subfield>
    <subfield code="7">0</subfield>
    <subfield code="8">SE</subfield>
    <subfield code="a">BNPHU</subfield>
    <subfield code="b">BNPHU</subfield>
    <subfield code="d">2025-01-23</subfield>
    <subfield code="h">N&#xFA;mero 59, A&#xF1;o 8</subfield>
    <subfield code="l">0</subfield>
    <subfield code="p">2025-0392</subfield>
    <subfield code="r">2025-01-23</subfield>
    <subfield code="t">e.1</subfield>
    <subfield code="w">2025-01-23</subfield>
    <subfield code="y">ISSUE</subfield>
  </datafield>
  <datafield tag="952" ind1=" " ind2=" ">
    <subfield code="0">0</subfield>
    <subfield code="1">0</subfield>
    <subfield code="2">ddc</subfield>
    <subfield code="4">0</subfield>
    <subfield code="5">6</subfield>
    <subfield code="7">0</subfield>
    <subfield code="8">SE</subfield>
    <subfield code="a">BNPHU</subfield>
    <subfield code="b">BNPHU</subfield>
    <subfield code="d">2025-01-23</subfield>
    <subfield code="h">N&#xFA;mero 59, A&#xF1;o 8</subfield>
    <subfield code="l">0</subfield>
    <subfield code="p">2025-0393</subfield>
    <subfield code="r">2025-01-23</subfield>
    <subfield code="t">e.2</subfield>
    <subfield code="w">2025-01-23</subfield>
    <subfield code="y">ISSUE</subfield>
  </datafield>
  <datafield tag="952" ind1=" " ind2=" ">
    <subfield code="0">0</subfield>
    <subfield code="1">0</subfield>
    <subfield code="2">ddc</subfield>
    <subfield code="4">0</subfield>
    <subfield code="5">6</subfield>
    <subfield code="7">0</subfield>
    <subfield code="8">SE</subfield>
    <subfield code="a">BNPHU</subfield>
    <subfield code="b">BNPHU</subfield>
    <subfield code="d">2025-01-23</subfield>
    <subfield code="h">N&#xFA;mero 60, A&#xF1;o 8</subfield>
    <subfield code="l">0</subfield>
    <subfield code="p">2025-0394</subfield>
    <subfield code="r">2025-01-23</subfield>
    <subfield code="t">e.1</subfield>
    <subfield code="w">2025-01-23</subfield>
    <subfield code="y">ISSUE</subfield>
  </datafield>
  <datafield tag="952" ind1=" " ind2=" ">
    <subfield code="0">0</subfield>
    <subfield code="1">0</subfield>
    <subfield code="2">ddc</subfield>
    <subfield code="4">0</subfield>
    <subfield code="5">6</subfield>
    <subfield code="7">0</subfield>
    <subfield code="8">SE</subfield>
    <subfield code="a">BNPHU</subfield>
    <subfield code="b">BNPHU</subfield>
    <subfield code="d">2025-01-23</subfield>
    <subfield code="h">N&#xFA;mero 61, A&#xF1;o 8</subfield>
    <subfield code="l">0</subfield>
    <subfield code="p">2025-0395</subfield>
    <subfield code="r">2025-01-23</subfield>
    <subfield code="t">e.1</subfield>
    <subfield code="w">2025-01-23</subfield>
    <subfield code="y">ISSUE</subfield>
  </datafield>
  <datafield tag="952" ind1=" " ind2=" ">
    <subfield code="0">0</subfield>
    <subfield code="1">0</subfield>
    <subfield code="2">ddc</subfield>
    <subfield code="4">0</subfield>
    <subfield code="5">6</subfield>
    <subfield code="7">0</subfield>
    <subfield code="8">SE</subfield>
    <subfield code="a">BNPHU</subfield>
    <subfield code="b">BNPHU</subfield>
    <subfield code="d">2025-01-23</subfield>
    <subfield code="h">N&#xFA;mero 61, A&#xF1;o 8</subfield>
    <subfield code="l">0</subfield>
    <subfield code="p">2025-0396</subfield>
    <subfield code="r">2025-01-23</subfield>
    <subfield code="t">e.2</subfield>
    <subfield code="w">2025-01-23</subfield>
    <subfield code="y">ISSUE</subfield>
  </datafield>
  <datafield tag="952" ind1=" " ind2=" ">
    <subfield code="0">0</subfield>
    <subfield code="1">0</subfield>
    <subfield code="2">ddc</subfield>
    <subfield code="4">0</subfield>
    <subfield code="5">6</subfield>
    <subfield code="7">0</subfield>
    <subfield code="8">SE</subfield>
    <subfield code="a">BNPHU</subfield>
    <subfield code="b">BNPHU</subfield>
    <subfield code="d">2025-01-23</subfield>
    <subfield code="h">N&#xFA;mero 62, A&#xF1;o 8</subfield>
    <subfield code="l">0</subfield>
    <subfield code="p">2025-0397</subfield>
    <subfield code="r">2025-01-23</subfield>
    <subfield code="t">e.1</subfield>
    <subfield code="w">2025-01-23</subfield>
    <subfield code="y">ISSUE</subfield>
  </datafield>
  <datafield tag="952" ind1=" " ind2=" ">
    <subfield code="0">0</subfield>
    <subfield code="1">0</subfield>
    <subfield code="2">ddc</subfield>
    <subfield code="4">0</subfield>
    <subfield code="5">6</subfield>
    <subfield code="7">0</subfield>
    <subfield code="8">SE</subfield>
    <subfield code="a">BNPHU</subfield>
    <subfield code="b">BNPHU</subfield>
    <subfield code="d">2025-01-23</subfield>
    <subfield code="h">N&#xFA;mero 65, A&#xF1;o 8</subfield>
    <subfield code="l">0</subfield>
    <subfield code="p">2025-0398</subfield>
    <subfield code="r">2025-01-23</subfield>
    <subfield code="t">e.1</subfield>
    <subfield code="w">2025-01-23</subfield>
    <subfield code="y">ISSUE</subfield>
  </datafield>
  <datafield tag="952" ind1=" " ind2=" ">
    <subfield code="0">0</subfield>
    <subfield code="1">0</subfield>
    <subfield code="2">ddc</subfield>
    <subfield code="4">0</subfield>
    <subfield code="5">6</subfield>
    <subfield code="7">0</subfield>
    <subfield code="8">SE</subfield>
    <subfield code="a">BNPHU</subfield>
    <subfield code="b">BNPHU</subfield>
    <subfield code="d">2025-01-23</subfield>
    <subfield code="h">Edici&#xF3;n Especial Junio 2021</subfield>
    <subfield code="l">0</subfield>
    <subfield code="p">2025-0400</subfield>
    <subfield code="r">2025-01-23</subfield>
    <subfield code="t">e.1</subfield>
    <subfield code="w">2025-01-23</subfield>
    <subfield code="y">ISSUE</subfield>
  </datafield>
  <datafield tag="952" ind1=" " ind2=" ">
    <subfield code="0">0</subfield>
    <subfield code="1">0</subfield>
    <subfield code="2">ddc</subfield>
    <subfield code="4">0</subfield>
    <subfield code="5">6</subfield>
    <subfield code="7">0</subfield>
    <subfield code="8">SE</subfield>
    <subfield code="a">BNPHU</subfield>
    <subfield code="b">BNPHU</subfield>
    <subfield code="d">2025-01-23</subfield>
    <subfield code="h">Edici&#xF3;n Especial Junio 2021</subfield>
    <subfield code="l">0</subfield>
    <subfield code="p">2025-0402</subfield>
    <subfield code="r">2025-01-23</subfield>
    <subfield code="t">e.2</subfield>
    <subfield code="w">2025-01-23</subfield>
    <subfield code="y">ISSUE</subfield>
  </datafield>
  <datafield tag="952" ind1=" " ind2=" ">
    <subfield code="0">0</subfield>
    <subfield code="1">0</subfield>
    <subfield code="2">ddc</subfield>
    <subfield code="4">0</subfield>
    <subfield code="5">6</subfield>
    <subfield code="7">0</subfield>
    <subfield code="8">SE</subfield>
    <subfield code="a">BNPHU</subfield>
    <subfield code="b">BNPHU</subfield>
    <subfield code="d">2025-01-23</subfield>
    <subfield code="h">Edici&#xF3;n Especial Septiembre 2021</subfield>
    <subfield code="l">0</subfield>
    <subfield code="p">2025-0403</subfield>
    <subfield code="r">2025-01-23</subfield>
    <subfield code="t">e.1</subfield>
    <subfield code="w">2025-01-23</subfield>
    <subfield code="y">ISSUE</subfield>
  </datafield>
  <datafield tag="952" ind1=" " ind2=" ">
    <subfield code="0">0</subfield>
    <subfield code="1">0</subfield>
    <subfield code="2">ddc</subfield>
    <subfield code="4">0</subfield>
    <subfield code="5">6</subfield>
    <subfield code="7">0</subfield>
    <subfield code="8">SE</subfield>
    <subfield code="a">BNPHU</subfield>
    <subfield code="b">BNPHU</subfield>
    <subfield code="d">2025-01-23</subfield>
    <subfield code="h">Edici&#xF3;n Especial Noviembre 2021</subfield>
    <subfield code="l">0</subfield>
    <subfield code="p">2025-0404</subfield>
    <subfield code="r">2025-01-23</subfield>
    <subfield code="t">e.1</subfield>
    <subfield code="w">2025-01-23</subfield>
    <subfield code="y">ISSUE</subfield>
  </datafield>
  <datafield tag="952" ind1=" " ind2=" ">
    <subfield code="0">0</subfield>
    <subfield code="1">0</subfield>
    <subfield code="2">ddc</subfield>
    <subfield code="4">0</subfield>
    <subfield code="5">6</subfield>
    <subfield code="7">0</subfield>
    <subfield code="8">SE</subfield>
    <subfield code="a">BNPHU</subfield>
    <subfield code="b">BNPHU</subfield>
    <subfield code="d">2025-01-23</subfield>
    <subfield code="h">Edici&#xF3;n Especial Diciembre 2021</subfield>
    <subfield code="l">0</subfield>
    <subfield code="p">2025-0405</subfield>
    <subfield code="r">2025-01-23</subfield>
    <subfield code="t">e.1</subfield>
    <subfield code="w">2025-01-23</subfield>
    <subfield code="y">ISSUE</subfield>
  </datafield>
  <datafield tag="952" ind1=" " ind2=" ">
    <subfield code="0">0</subfield>
    <subfield code="1">0</subfield>
    <subfield code="2">ddc</subfield>
    <subfield code="4">0</subfield>
    <subfield code="5">6</subfield>
    <subfield code="7">0</subfield>
    <subfield code="8">SE</subfield>
    <subfield code="a">BNPHU</subfield>
    <subfield code="b">BNPHU</subfield>
    <subfield code="d">2025-01-23</subfield>
    <subfield code="h">Edici&#xF3;n Especial Diciembre 2021</subfield>
    <subfield code="l">0</subfield>
    <subfield code="p">2025-0406</subfield>
    <subfield code="r">2025-01-23</subfield>
    <subfield code="t">e.2</subfield>
    <subfield code="w">2025-01-23</subfield>
    <subfield code="y">ISSUE</subfield>
  </datafield>
  <datafield tag="952" ind1=" " ind2=" ">
    <subfield code="0">0</subfield>
    <subfield code="1">0</subfield>
    <subfield code="2">ddc</subfield>
    <subfield code="4">0</subfield>
    <subfield code="5">6</subfield>
    <subfield code="7">0</subfield>
    <subfield code="8">SE</subfield>
    <subfield code="a">BNPHU</subfield>
    <subfield code="b">BNPHU</subfield>
    <subfield code="d">2025-01-23</subfield>
    <subfield code="h">Edici&#xF3;n Especial Diciembre 2021</subfield>
    <subfield code="l">0</subfield>
    <subfield code="p">2025-0407</subfield>
    <subfield code="r">2025-01-23</subfield>
    <subfield code="t">e.3</subfield>
    <subfield code="w">2025-01-23</subfield>
    <subfield code="y">ISSUE</subfield>
  </datafield>
  <datafield tag="952" ind1=" " ind2=" ">
    <subfield code="0">0</subfield>
    <subfield code="1">0</subfield>
    <subfield code="2">ddc</subfield>
    <subfield code="4">0</subfield>
    <subfield code="5">6</subfield>
    <subfield code="7">0</subfield>
    <subfield code="8">SE</subfield>
    <subfield code="a">BNPHU</subfield>
    <subfield code="b">BNPHU</subfield>
    <subfield code="d">2025-04-22</subfield>
    <subfield code="h">N&#xFA;mero 68, A&#xF1;o 8</subfield>
    <subfield code="l">0</subfield>
    <subfield code="p">2025-3503</subfield>
    <subfield code="r">2025-04-22</subfield>
    <subfield code="t">e.1</subfield>
    <subfield code="w">2025-04-22</subfield>
    <subfield code="y">ISSUE</subfield>
  </datafield>
  <datafield tag="952" ind1=" " ind2=" ">
    <subfield code="0">0</subfield>
    <subfield code="1">0</subfield>
    <subfield code="2">ddc</subfield>
    <subfield code="4">0</subfield>
    <subfield code="5">6</subfield>
    <subfield code="7">0</subfield>
    <subfield code="8">SE</subfield>
    <subfield code="a">BNPHU</subfield>
    <subfield code="b">BNPHU</subfield>
    <subfield code="d">2025-04-22</subfield>
    <subfield code="h">N&#xFA;mero 68, A&#xF1;o 8</subfield>
    <subfield code="l">0</subfield>
    <subfield code="p">2025-3504</subfield>
    <subfield code="r">2025-04-22</subfield>
    <subfield code="t">e.2</subfield>
    <subfield code="w">2025-04-22</subfield>
    <subfield code="y">ISSUE</subfield>
  </datafield>
  <datafield tag="952" ind1=" " ind2=" ">
    <subfield code="0">0</subfield>
    <subfield code="1">0</subfield>
    <subfield code="2">ddc</subfield>
    <subfield code="4">0</subfield>
    <subfield code="5">6</subfield>
    <subfield code="7">0</subfield>
    <subfield code="8">SE</subfield>
    <subfield code="a">BNPHU</subfield>
    <subfield code="b">BNPHU</subfield>
    <subfield code="d">2025-04-22</subfield>
    <subfield code="h">N&#xFA;mero 68, A&#xF1;o 8</subfield>
    <subfield code="l">0</subfield>
    <subfield code="p">2025-3505</subfield>
    <subfield code="r">2025-04-22</subfield>
    <subfield code="t">e.3</subfield>
    <subfield code="w">2025-04-22</subfield>
    <subfield code="y">ISSUE</subfield>
  </datafield>
  <datafield tag="952" ind1=" " ind2=" ">
    <subfield code="0">0</subfield>
    <subfield code="1">0</subfield>
    <subfield code="2">ddc</subfield>
    <subfield code="4">0</subfield>
    <subfield code="5">6</subfield>
    <subfield code="7">0</subfield>
    <subfield code="8">SE</subfield>
    <subfield code="a">BNPHU</subfield>
    <subfield code="b">BNPHU</subfield>
    <subfield code="d">2025-04-22</subfield>
    <subfield code="h">N&#xFA;mero 69, A&#xF1;o 9</subfield>
    <subfield code="l">0</subfield>
    <subfield code="p">2025-3506</subfield>
    <subfield code="r">2025-04-22</subfield>
    <subfield code="t">e.1</subfield>
    <subfield code="w">2025-04-22</subfield>
    <subfield code="y">ISSUE</subfield>
  </datafield>
  <datafield tag="952" ind1=" " ind2=" ">
    <subfield code="0">0</subfield>
    <subfield code="1">0</subfield>
    <subfield code="2">ddc</subfield>
    <subfield code="4">0</subfield>
    <subfield code="5">6</subfield>
    <subfield code="7">0</subfield>
    <subfield code="8">SE</subfield>
    <subfield code="a">BNPHU</subfield>
    <subfield code="b">BNPHU</subfield>
    <subfield code="d">2025-04-22</subfield>
    <subfield code="h">N&#xFA;mero 69, A&#xF1;o 9</subfield>
    <subfield code="l">0</subfield>
    <subfield code="p">2025-3507</subfield>
    <subfield code="r">2025-04-22</subfield>
    <subfield code="t">e.2</subfield>
    <subfield code="w">2025-04-22</subfield>
    <subfield code="y">ISSUE</subfield>
  </datafield>
  <datafield tag="952" ind1=" " ind2=" ">
    <subfield code="0">0</subfield>
    <subfield code="1">0</subfield>
    <subfield code="2">ddc</subfield>
    <subfield code="4">0</subfield>
    <subfield code="5">6</subfield>
    <subfield code="7">0</subfield>
    <subfield code="8">SE</subfield>
    <subfield code="a">BNPHU</subfield>
    <subfield code="b">BNPHU</subfield>
    <subfield code="d">2025-04-22</subfield>
    <subfield code="h">N&#xFA;mero 69, A&#xF1;o 9</subfield>
    <subfield code="l">0</subfield>
    <subfield code="p">2025-3508</subfield>
    <subfield code="r">2025-04-22</subfield>
    <subfield code="t">e.3</subfield>
    <subfield code="w">2025-04-22</subfield>
    <subfield code="y">ISSUE</subfield>
  </datafield>
  <datafield tag="952" ind1=" " ind2=" ">
    <subfield code="0">0</subfield>
    <subfield code="1">0</subfield>
    <subfield code="2">ddc</subfield>
    <subfield code="4">0</subfield>
    <subfield code="5">6</subfield>
    <subfield code="7">0</subfield>
    <subfield code="8">SE</subfield>
    <subfield code="a">BNPHU</subfield>
    <subfield code="b">BNPHU</subfield>
    <subfield code="d">2025-05-23</subfield>
    <subfield code="h">N&#xFA;mero 70, A&#xF1;o 9</subfield>
    <subfield code="l">0</subfield>
    <subfield code="p">2025-4548</subfield>
    <subfield code="r">2025-05-23</subfield>
    <subfield code="t">e.1</subfield>
    <subfield code="w">2025-05-23</subfield>
    <subfield code="y">ISSUE</subfield>
    <subfield code="z">Transformaci&#xF3;n laboral: personas al centro.</subfield>
  </datafield>
  <datafield tag="952" ind1=" " ind2=" ">
    <subfield code="0">0</subfield>
    <subfield code="1">0</subfield>
    <subfield code="2">ddc</subfield>
    <subfield code="4">0</subfield>
    <subfield code="5">6</subfield>
    <subfield code="7">0</subfield>
    <subfield code="8">SE</subfield>
    <subfield code="a">BNPHU</subfield>
    <subfield code="b">BNPHU</subfield>
    <subfield code="d">2025-06-12</subfield>
    <subfield code="h">N&#xFA;mero 71, A&#xF1;o 9</subfield>
    <subfield code="l">0</subfield>
    <subfield code="p">2025-5118</subfield>
    <subfield code="r">2025-06-12</subfield>
    <subfield code="t">e.1</subfield>
    <subfield code="w">2025-06-12</subfield>
    <subfield code="y">ISSUE</subfield>
    <subfield code="z">"El verdadero legado de un l&#xED;der se mide en la capacidad que desarrolla su equipo".</subfield>
  </datafield>
  <datafield tag="952" ind1=" " ind2=" ">
    <subfield code="0">0</subfield>
    <subfield code="1">0</subfield>
    <subfield code="2">ddc</subfield>
    <subfield code="4">0</subfield>
    <subfield code="5">6</subfield>
    <subfield code="7">0</subfield>
    <subfield code="8">SE</subfield>
    <subfield code="a">BNPHU</subfield>
    <subfield code="b">BNPHU</subfield>
    <subfield code="d">2025-07-17</subfield>
    <subfield code="h">N&#xFA;mero 72, A&#xF1;o 9, 2025</subfield>
    <subfield code="l">0</subfield>
    <subfield code="p">2025-6651</subfield>
    <subfield code="r">2025-07-17</subfield>
    <subfield code="t">e.1</subfield>
    <subfield code="w">2025-07-17</subfield>
    <subfield code="y">ISSUE</subfield>
    <subfield code="z">El Futuro Sostenible en Acci&#xF3;n. </subfield>
  </datafield>
  <datafield tag="952" ind1=" " ind2=" ">
    <subfield code="0">0</subfield>
    <subfield code="1">0</subfield>
    <subfield code="2">ddc</subfield>
    <subfield code="4">0</subfield>
    <subfield code="5">6</subfield>
    <subfield code="7">0</subfield>
    <subfield code="8">SE</subfield>
    <subfield code="a">BNPHU</subfield>
    <subfield code="b">BNPHU</subfield>
    <subfield code="d">2025-10-21</subfield>
    <subfield code="h">N&#xFA;mero 75, A&#xF1;o 9, 2025</subfield>
    <subfield code="l">0</subfield>
    <subfield code="p">2025-11986</subfield>
    <subfield code="r">2025-10-21</subfield>
    <subfield code="t">e.1</subfield>
    <subfield code="w">2025-10-21</subfield>
    <subfield code="y">ISSUE</subfield>
    <subfield code="z">Tropcalia: forjando el nuevo paradigma del turismo sostenible en Rep&#xFA;blica Dominicana.</subfield>
  </datafield>
  <datafield tag="952" ind1=" " ind2=" ">
    <subfield code="0">0</subfield>
    <subfield code="1">0</subfield>
    <subfield code="2">ddc</subfield>
    <subfield code="4">0</subfield>
    <subfield code="5">6</subfield>
    <subfield code="7">0</subfield>
    <subfield code="8">SE</subfield>
    <subfield code="a">BNPHU</subfield>
    <subfield code="b">BNPHU</subfield>
    <subfield code="d">2025-10-21</subfield>
    <subfield code="h">N&#xFA;mero 75, A&#xF1;o 9, 2025</subfield>
    <subfield code="l">0</subfield>
    <subfield code="p">2025-11987</subfield>
    <subfield code="r">2025-10-21</subfield>
    <subfield code="t">e.2</subfield>
    <subfield code="w">2025-10-21</subfield>
    <subfield code="y">ISSUE</subfield>
    <subfield code="z">Tropicalia: forjando el nuevo paradigma del turismo sostenible en Rep&#xFA;blica Dominicana.</subfield>
  </datafield>
  <datafield tag="952" ind1=" " ind2=" ">
    <subfield code="0">0</subfield>
    <subfield code="1">0</subfield>
    <subfield code="2">ddc</subfield>
    <subfield code="4">0</subfield>
    <subfield code="5">6</subfield>
    <subfield code="7">0</subfield>
    <subfield code="8">SE</subfield>
    <subfield code="a">BNPHU</subfield>
    <subfield code="b">BNPHU</subfield>
    <subfield code="d">2025-10-21</subfield>
    <subfield code="h">N&#xFA;mero 75, A&#xF1;o 9, 2025</subfield>
    <subfield code="l">0</subfield>
    <subfield code="p">2025-11988</subfield>
    <subfield code="r">2025-10-21</subfield>
    <subfield code="t">e.3</subfield>
    <subfield code="w">2025-10-21</subfield>
    <subfield code="y">ISSUE</subfield>
    <subfield code="z">Tropicalia: forjando el nuevo paradigma del turismo sostenible en Rep&#xFA;blica Dominicana.</subfield>
  </datafield>
  <datafield tag="952" ind1=" " ind2=" ">
    <subfield code="0">0</subfield>
    <subfield code="1">0</subfield>
    <subfield code="2">ddc</subfield>
    <subfield code="4">0</subfield>
    <subfield code="5">6</subfield>
    <subfield code="7">0</subfield>
    <subfield code="8">SE</subfield>
    <subfield code="a">BNPHU</subfield>
    <subfield code="b">BNPHU</subfield>
    <subfield code="d">2025-12-10</subfield>
    <subfield code="h">N&#xFA;mero 76, A&#xF1;o 9, 2025</subfield>
    <subfield code="l">0</subfield>
    <subfield code="p">2025-13702</subfield>
    <subfield code="r">2025-12-10</subfield>
    <subfield code="t">e.1</subfield>
    <subfield code="w">2025-12-10</subfield>
    <subfield code="y">ISSUE</subfield>
    <subfield code="z">L&#xED;deres del cambio: Gobernanza verde para un futuro sostenible.</subfield>
  </datafield>
  <datafield tag="952" ind1=" " ind2=" ">
    <subfield code="0">0</subfield>
    <subfield code="1">0</subfield>
    <subfield code="2">ddc</subfield>
    <subfield code="4">0</subfield>
    <subfield code="5">6</subfield>
    <subfield code="7">0</subfield>
    <subfield code="8">SE</subfield>
    <subfield code="a">BNPHU</subfield>
    <subfield code="b">BNPHU</subfield>
    <subfield code="d">2025-12-10</subfield>
    <subfield code="h">N&#xFA;mero 76, A&#xF1;o 9, 2025</subfield>
    <subfield code="l">0</subfield>
    <subfield code="p">2025-13703</subfield>
    <subfield code="r">2025-12-10</subfield>
    <subfield code="t">e.2</subfield>
    <subfield code="w">2025-12-10</subfield>
    <subfield code="y">ISSUE</subfield>
    <subfield code="z">L&#xED;deres del cambio: Gobernanza verde para un futuro sostenible.</subfield>
  </datafield>
  <datafield tag="952" ind1=" " ind2=" ">
    <subfield code="0">0</subfield>
    <subfield code="1">0</subfield>
    <subfield code="2">ddc</subfield>
    <subfield code="4">0</subfield>
    <subfield code="5">6</subfield>
    <subfield code="7">0</subfield>
    <subfield code="8">SE</subfield>
    <subfield code="a">BNPHU</subfield>
    <subfield code="b">BNPHU</subfield>
    <subfield code="d">2025-12-10</subfield>
    <subfield code="h">N&#xFA;mero 76, A&#xF1;o 9, 2025</subfield>
    <subfield code="l">0</subfield>
    <subfield code="p">2025-13704</subfield>
    <subfield code="r">2025-12-10</subfield>
    <subfield code="t">e.3</subfield>
    <subfield code="w">2025-12-10</subfield>
    <subfield code="y">ISSUE</subfield>
    <subfield code="z">L&#xED;deres del cambio: Gobernanza verde para un futuro sostenible.</subfield>
  </datafield>
  <datafield tag="952" ind1=" " ind2=" ">
    <subfield code="0">0</subfield>
    <subfield code="1">0</subfield>
    <subfield code="2">ddc</subfield>
    <subfield code="4">0</subfield>
    <subfield code="5">6</subfield>
    <subfield code="7">0</subfield>
    <subfield code="8">SE</subfield>
    <subfield code="a">BNPHU</subfield>
    <subfield code="b">BNPHU</subfield>
    <subfield code="d">2026-01-19</subfield>
    <subfield code="h">N&#xFA;mero 77, A&#xF1;o 9, 2025</subfield>
    <subfield code="l">0</subfield>
    <subfield code="p">2026-0114</subfield>
    <subfield code="r">2026-01-19</subfield>
    <subfield code="t">e.1</subfield>
    <subfield code="w">2026-01-19</subfield>
    <subfield code="y">ISSUE</subfield>
    <subfield code="z">Cambiando las reglas: Startups, innovaci&#xF3;n y tecnolog&#xED;a.  </subfield>
  </datafield>
  <datafield tag="952" ind1=" " ind2=" ">
    <subfield code="0">0</subfield>
    <subfield code="1">0</subfield>
    <subfield code="2">ddc</subfield>
    <subfield code="4">0</subfield>
    <subfield code="5">6</subfield>
    <subfield code="7">0</subfield>
    <subfield code="8">SE</subfield>
    <subfield code="a">BNPHU</subfield>
    <subfield code="b">BNPHU</subfield>
    <subfield code="d">2026-01-19</subfield>
    <subfield code="h">N&#xFA;mero 77, A&#xF1;o 9, 2025</subfield>
    <subfield code="l">0</subfield>
    <subfield code="p">2026-0115</subfield>
    <subfield code="r">2026-01-19</subfield>
    <subfield code="t">e.2</subfield>
    <subfield code="w">2026-01-19</subfield>
    <subfield code="y">ISSUE</subfield>
    <subfield code="z">Cambiando las reglas: Startups, innovaci&#xF3;n y tecnolog&#xED;a.  </subfield>
  </datafield>
  <datafield tag="952" ind1=" " ind2=" ">
    <subfield code="0">0</subfield>
    <subfield code="1">0</subfield>
    <subfield code="2">ddc</subfield>
    <subfield code="4">0</subfield>
    <subfield code="5">6</subfield>
    <subfield code="7">0</subfield>
    <subfield code="8">SE</subfield>
    <subfield code="a">BNPHU</subfield>
    <subfield code="b">BNPHU</subfield>
    <subfield code="d">2026-01-19</subfield>
    <subfield code="h">N&#xFA;mero 77, A&#xF1;o 9, 2025</subfield>
    <subfield code="l">0</subfield>
    <subfield code="p">2026-0116</subfield>
    <subfield code="r">2026-01-19</subfield>
    <subfield code="t">e.3</subfield>
    <subfield code="w">2026-01-19</subfield>
    <subfield code="y">ISSUE</subfield>
    <subfield code="z">Cambiando las reglas: Startups, innovaci&#xF3;n y tecnolog&#xED;a.  </subfield>
  </datafield>
  <datafield tag="952" ind1=" " ind2=" ">
    <subfield code="0">0</subfield>
    <subfield code="1">0</subfield>
    <subfield code="2">ddc</subfield>
    <subfield code="4">0</subfield>
    <subfield code="5">6</subfield>
    <subfield code="7">0</subfield>
    <subfield code="8">SE</subfield>
    <subfield code="a">BNPHU</subfield>
    <subfield code="b">BNPHU</subfield>
    <subfield code="d">2026-02-11</subfield>
    <subfield code="h">N&#xFA;mero 78, A&#xF1;o 9 </subfield>
    <subfield code="l">0</subfield>
    <subfield code="p">2026-1002</subfield>
    <subfield code="r">2026-02-11</subfield>
    <subfield code="t">e.1</subfield>
    <subfield code="w">2026-02-11</subfield>
    <subfield code="y">ISSUE</subfield>
    <subfield code="z">Arquitectos del &#xE9;xito empresarial: Forjando el liderazgo del futuro.</subfield>
  </datafield>
  <datafield tag="952" ind1=" " ind2=" ">
    <subfield code="0">0</subfield>
    <subfield code="1">0</subfield>
    <subfield code="2">ddc</subfield>
    <subfield code="4">0</subfield>
    <subfield code="5">6</subfield>
    <subfield code="7">0</subfield>
    <subfield code="8">SE</subfield>
    <subfield code="a">BNPHU</subfield>
    <subfield code="b">BNPHU</subfield>
    <subfield code="d">2026-02-11</subfield>
    <subfield code="h">N&#xFA;mero 78, A&#xF1;o 9 </subfield>
    <subfield code="l">0</subfield>
    <subfield code="p">2026-1003</subfield>
    <subfield code="r">2026-02-11</subfield>
    <subfield code="t">e.2</subfield>
    <subfield code="w">2026-02-11</subfield>
    <subfield code="y">ISSUE</subfield>
    <subfield code="z">Arquitectos del &#xE9;xito empresarial: Forjando el liderazgo del futuro.</subfield>
  </datafield>
  <datafield tag="952" ind1=" " ind2=" ">
    <subfield code="0">0</subfield>
    <subfield code="1">0</subfield>
    <subfield code="2">ddc</subfield>
    <subfield code="4">0</subfield>
    <subfield code="5">6</subfield>
    <subfield code="7">0</subfield>
    <subfield code="8">SE</subfield>
    <subfield code="a">BNPHU</subfield>
    <subfield code="b">BNPHU</subfield>
    <subfield code="d">2026-02-11</subfield>
    <subfield code="h">N&#xFA;mero 78, A&#xF1;o 9 </subfield>
    <subfield code="l">0</subfield>
    <subfield code="p">2026-1004</subfield>
    <subfield code="r">2026-02-11</subfield>
    <subfield code="t">e.3</subfield>
    <subfield code="w">2026-02-11</subfield>
    <subfield code="y">ISSUE</subfield>
    <subfield code="z">Arquitectos del &#xE9;xito empresarial: Forjando el liderazgo del futuro.</subfield>
  </datafield>
  <datafield tag="952" ind1=" " ind2=" ">
    <subfield code="0">0</subfield>
    <subfield code="1">0</subfield>
    <subfield code="2">ddc</subfield>
    <subfield code="4">0</subfield>
    <subfield code="5">6</subfield>
    <subfield code="7">0</subfield>
    <subfield code="8">SE</subfield>
    <subfield code="a">BNPHU</subfield>
    <subfield code="b">BNPHU</subfield>
    <subfield code="d">2026-02-11</subfield>
    <subfield code="h">N&#xFA;mero 78, A&#xF1;o 9 </subfield>
    <subfield code="l">0</subfield>
    <subfield code="p">2026-1005</subfield>
    <subfield code="r">2026-02-11</subfield>
    <subfield code="t">e.4</subfield>
    <subfield code="w">2026-02-11</subfield>
    <subfield code="y">ISSUE</subfield>
    <subfield code="z">Arquitectos del &#xE9;xito empresarial: Forjando el liderazgo del futuro.</subfield>
  </datafield>
  <datafield tag="952" ind1=" " ind2=" ">
    <subfield code="0">0</subfield>
    <subfield code="1">0</subfield>
    <subfield code="2">ddc</subfield>
    <subfield code="4">0</subfield>
    <subfield code="5">6</subfield>
    <subfield code="7">0</subfield>
    <subfield code="8">SE</subfield>
    <subfield code="a">BNPHU</subfield>
    <subfield code="b">BNPHU</subfield>
    <subfield code="d">2026-03-06</subfield>
    <subfield code="h">N&#xFA;mero 37, A&#xF1;o 6</subfield>
    <subfield code="l">0</subfield>
    <subfield code="p">2026-1793</subfield>
    <subfield code="r">2026-03-06</subfield>
    <subfield code="t">e.1</subfield>
    <subfield code="w">2026-03-06</subfield>
    <subfield code="y">ISSUE</subfield>
    <subfield code="z">Sector salud en la nueva era pospandemia.</subfield>
  </datafield>
  <datafield tag="952" ind1=" " ind2=" ">
    <subfield code="0">0</subfield>
    <subfield code="1">0</subfield>
    <subfield code="2">ddc</subfield>
    <subfield code="4">0</subfield>
    <subfield code="5">6</subfield>
    <subfield code="7">0</subfield>
    <subfield code="8">SE</subfield>
    <subfield code="a">BNPHU</subfield>
    <subfield code="b">BNPHU</subfield>
    <subfield code="d">2026-03-06</subfield>
    <subfield code="h">N&#xFA;mero 79, A&#xF1;o 9</subfield>
    <subfield code="l">0</subfield>
    <subfield code="p">2026-1794</subfield>
    <subfield code="r">2026-03-06</subfield>
    <subfield code="t">e.1</subfield>
    <subfield code="w">2026-03-06</subfield>
    <subfield code="y">ISSUE</subfield>
    <subfield code="z">Branding con Rol: del prop&#xF3;sito a la conversi&#xF3;n. </subfield>
  </datafield>
  <datafield tag="952" ind1=" " ind2=" ">
    <subfield code="0">0</subfield>
    <subfield code="1">0</subfield>
    <subfield code="2">ddc</subfield>
    <subfield code="4">0</subfield>
    <subfield code="5">6</subfield>
    <subfield code="7">0</subfield>
    <subfield code="8">SE</subfield>
    <subfield code="a">BNPHU</subfield>
    <subfield code="b">BNPHU</subfield>
    <subfield code="d">2026-03-06</subfield>
    <subfield code="h">N&#xFA;mero 79, A&#xF1;o 9</subfield>
    <subfield code="l">0</subfield>
    <subfield code="p">2026-1795</subfield>
    <subfield code="r">2026-03-06</subfield>
    <subfield code="t">e.2</subfield>
    <subfield code="w">2026-03-06</subfield>
    <subfield code="y">ISSUE</subfield>
    <subfield code="z">Branding con Rol: del prop&#xF3;sito a la conversi&#xF3;n. </subfield>
  </datafield>
  <datafield tag="952" ind1=" " ind2=" ">
    <subfield code="0">0</subfield>
    <subfield code="1">0</subfield>
    <subfield code="2">ddc</subfield>
    <subfield code="4">0</subfield>
    <subfield code="5">6</subfield>
    <subfield code="7">0</subfield>
    <subfield code="8">SE</subfield>
    <subfield code="a">BNPHU</subfield>
    <subfield code="b">BNPHU</subfield>
    <subfield code="d">2026-03-06</subfield>
    <subfield code="h">N&#xFA;mero 79, A&#xF1;o 9</subfield>
    <subfield code="l">0</subfield>
    <subfield code="p">2026-1796</subfield>
    <subfield code="r">2026-03-06</subfield>
    <subfield code="t">e.3</subfield>
    <subfield code="w">2026-03-06</subfield>
    <subfield code="y">ISSUE</subfield>
    <subfield code="z">Branding con Rol: del prop&#xF3;sito a la conversi&#xF3;n. </subfield>
  </datafield>
  <datafield tag="952" ind1=" " ind2=" ">
    <subfield code="0">0</subfield>
    <subfield code="1">0</subfield>
    <subfield code="2">ddc</subfield>
    <subfield code="4">0</subfield>
    <subfield code="5">6</subfield>
    <subfield code="7">0</subfield>
    <subfield code="8">SE</subfield>
    <subfield code="a">BNPHU</subfield>
    <subfield code="b">BNPHU</subfield>
    <subfield code="d">2026-04-27</subfield>
    <subfield code="h">N&#xFA;mero 80, A&#xF1;o 9</subfield>
    <subfield code="l">0</subfield>
    <subfield code="p">2026-3231</subfield>
    <subfield code="r">2026-04-27</subfield>
    <subfield code="t">e.1</subfield>
    <subfield code="w">2026-04-27</subfield>
    <subfield code="y">ISSUE</subfield>
    <subfield code="z">Disponible para consulta en: Hemeroteca. </subfield>
  </datafield>
  <datafield tag="952" ind1=" " ind2=" ">
    <subfield code="0">0</subfield>
    <subfield code="1">0</subfield>
    <subfield code="2">ddc</subfield>
    <subfield code="4">0</subfield>
    <subfield code="5">6</subfield>
    <subfield code="7">0</subfield>
    <subfield code="8">SE</subfield>
    <subfield code="a">BNPHU</subfield>
    <subfield code="b">BNPHU</subfield>
    <subfield code="d">2026-04-27</subfield>
    <subfield code="h">N&#xFA;mero 80, A&#xF1;o 9</subfield>
    <subfield code="l">0</subfield>
    <subfield code="p">2026-3232</subfield>
    <subfield code="r">2026-04-27</subfield>
    <subfield code="t">e.2</subfield>
    <subfield code="w">2026-04-27</subfield>
    <subfield code="y">ISSUE</subfield>
    <subfield code="z">Disponible para consulta en: Hemeroteca. </subfield>
  </datafield>
  <datafield tag="952" ind1=" " ind2=" ">
    <subfield code="0">0</subfield>
    <subfield code="1">0</subfield>
    <subfield code="2">ddc</subfield>
    <subfield code="4">0</subfield>
    <subfield code="5">6</subfield>
    <subfield code="7">0</subfield>
    <subfield code="8">SE</subfield>
    <subfield code="a">BNPHU</subfield>
    <subfield code="b">BNPHU</subfield>
    <subfield code="d">2026-04-27</subfield>
    <subfield code="h">N&#xFA;mero 80, A&#xF1;o 9</subfield>
    <subfield code="l">0</subfield>
    <subfield code="p">2026-3233</subfield>
    <subfield code="r">2026-04-27</subfield>
    <subfield code="t">e.3</subfield>
    <subfield code="w">2026-04-27</subfield>
    <subfield code="y">ISSUE</subfield>
    <subfield code="z">Disponible para consulta en: Hemeroteca. </subfield>
  </datafield>
  <datafield tag="952" ind1=" " ind2=" ">
    <subfield code="0">0</subfield>
    <subfield code="1">0</subfield>
    <subfield code="2">ddc</subfield>
    <subfield code="4">0</subfield>
    <subfield code="5">6</subfield>
    <subfield code="7">0</subfield>
    <subfield code="8">SE</subfield>
    <subfield code="a">BNPHU</subfield>
    <subfield code="b">BNPHU</subfield>
    <subfield code="d">2026-05-06</subfield>
    <subfield code="h">N&#xFA;mero 81, A&#xF1;o 10</subfield>
    <subfield code="l">0</subfield>
    <subfield code="p">2026-3574</subfield>
    <subfield code="r">2026-05-06</subfield>
    <subfield code="t">e.1</subfield>
    <subfield code="w">2026-05-06</subfield>
    <subfield code="y">ISSUE</subfield>
    <subfield code="z">Disponible para consulta en: Hemeroteca.</subfield>
  </datafield>
  <datafield tag="952" ind1=" " ind2=" ">
    <subfield code="0">0</subfield>
    <subfield code="1">0</subfield>
    <subfield code="2">ddc</subfield>
    <subfield code="4">0</subfield>
    <subfield code="5">6</subfield>
    <subfield code="7">0</subfield>
    <subfield code="8">SE</subfield>
    <subfield code="a">BNPHU</subfield>
    <subfield code="b">BNPHU</subfield>
    <subfield code="d">2026-05-06</subfield>
    <subfield code="h">N&#xFA;mero 81, A&#xF1;o 10</subfield>
    <subfield code="l">0</subfield>
    <subfield code="p">2026-3575</subfield>
    <subfield code="r">2026-05-06</subfield>
    <subfield code="t">e.2</subfield>
    <subfield code="w">2026-05-06</subfield>
    <subfield code="y">ISSUE</subfield>
    <subfield code="z">Disponible para consulta en: Hemeroteca.</subfield>
  </datafield>
  <datafield tag="952" ind1=" " ind2=" ">
    <subfield code="0">0</subfield>
    <subfield code="1">0</subfield>
    <subfield code="2">ddc</subfield>
    <subfield code="4">0</subfield>
    <subfield code="5">6</subfield>
    <subfield code="7">0</subfield>
    <subfield code="8">SE</subfield>
    <subfield code="a">BNPHU</subfield>
    <subfield code="b">BNPHU</subfield>
    <subfield code="d">2026-05-06</subfield>
    <subfield code="h">N&#xFA;mero 81, A&#xF1;o 10</subfield>
    <subfield code="l">0</subfield>
    <subfield code="p">2026-3576</subfield>
    <subfield code="r">2026-05-06</subfield>
    <subfield code="t">e.3</subfield>
    <subfield code="w">2026-05-06</subfield>
    <subfield code="y">ISSUE</subfield>
    <subfield code="z">Disponible para consulta en: Hemeroteca.</subfield>
  </datafield>
  <datafield tag="952" ind1=" " ind2=" ">
    <subfield code="0">0</subfield>
    <subfield code="1">0</subfield>
    <subfield code="2">ddc</subfield>
    <subfield code="4">0</subfield>
    <subfield code="5">6</subfield>
    <subfield code="7">0</subfield>
    <subfield code="8">SE</subfield>
    <subfield code="a">BNPHU</subfield>
    <subfield code="b">BNPHU</subfield>
    <subfield code="d">2026-05-25</subfield>
    <subfield code="h">N&#xFA;mero 82, A&#xF1;o 10</subfield>
    <subfield code="l">0</subfield>
    <subfield code="p">2026-4589</subfield>
    <subfield code="r">2026-05-25</subfield>
    <subfield code="t">e.1</subfield>
    <subfield code="w">2026-05-25</subfield>
    <subfield code="y">ISSUE</subfield>
    <subfield code="z">Disponible para consulta en Hemeroteca.</subfield>
  </datafield>
  <datafield tag="952" ind1=" " ind2=" ">
    <subfield code="0">0</subfield>
    <subfield code="1">0</subfield>
    <subfield code="2">ddc</subfield>
    <subfield code="4">0</subfield>
    <subfield code="5">6</subfield>
    <subfield code="7">0</subfield>
    <subfield code="8">SE</subfield>
    <subfield code="a">BNPHU</subfield>
    <subfield code="b">BNPHU</subfield>
    <subfield code="d">2026-05-25</subfield>
    <subfield code="h">N&#xFA;mero 82, A&#xF1;o 10</subfield>
    <subfield code="l">0</subfield>
    <subfield code="p">2026-4590</subfield>
    <subfield code="r">2026-05-25</subfield>
    <subfield code="t">e.2</subfield>
    <subfield code="w">2026-05-25</subfield>
    <subfield code="y">ISSUE</subfield>
    <subfield code="z">Disponible para consulta en Hemeroteca.</subfield>
  </datafield>
  <datafield tag="952" ind1=" " ind2=" ">
    <subfield code="0">0</subfield>
    <subfield code="1">0</subfield>
    <subfield code="2">ddc</subfield>
    <subfield code="4">0</subfield>
    <subfield code="5">6</subfield>
    <subfield code="7">0</subfield>
    <subfield code="8">SE</subfield>
    <subfield code="a">BNPHU</subfield>
    <subfield code="b">BNPHU</subfield>
    <subfield code="d">2026-05-25</subfield>
    <subfield code="h">N&#xFA;mero 82, A&#xF1;o 10</subfield>
    <subfield code="l">0</subfield>
    <subfield code="p">2026-4591</subfield>
    <subfield code="r">2026-05-25</subfield>
    <subfield code="t">e.3</subfield>
    <subfield code="w">2026-05-25</subfield>
    <subfield code="y">ISSUE</subfield>
    <subfield code="z">Disponible para consulta en Hemeroteca.</subfield>
  </datafield>
  <datafield tag="999" ind1=" " ind2=" ">
    <subfield code="c">58080</subfield>
    <subfield code="d">58080</subfield>
  </datafield>
</record>
